Statistiques concernant Trouvez la ville aléatoire avec des indices de couleur

Cliquez ici pour prendre le quiz!

Statistiques générales

  • Ce quiz a été pris 10 773 fois
  • Le résultat moyen est 29 sur 200

Réponses sur la Carte

Les réponses sont colorées sur une échelle allant du rouge au vert en fonction du pourcentage des utilisateurs qui les ont devinées à leur premier essai. Vous pouvez retrouver ces pourcentages ci-dessous.
 

Statistiques - réponses

CityCity% Correct
CityParis
100%
CityParis
97%
CityParis
96%
CityTokyo
96%
CityParis
95%
CityParis
94%
CityParis
93%
CityParis
92%
CityParis
91%
CityParis
90%
CityParis
89%
CityNew York
88%
CityParis
88%
CityParis
87%
CityLondres
86%
CityParis
86%
CityParis
84%
CityTokyo
84%
CityParis
82%
CityPékin
82%
CityTokyo
82%
CityLondres
81%
CityMadrid
81%
CityParis
80%
CityLondres
79%
CityParis
78%
CityPékin
78%
CityMoscou
75%
CityParis
75%
CityPékin
74%
CitySeoul
74%
CityTokyo
74%
CityMoscou
73%
CityNew York
73%
CityLondres
72%
CityTokyo
72%
CityLondres
71%
CityMoscou
71%
CityPékin
71%
CityLondres
70%
CityMoscou
70%
CityPékin
70%
CityShanghai
70%
CityTokyo
70%
CityMadrid
69%
CityMoscou
69%
CityNew York
69%
CityTokyo
69%
CityWashington
69%
CityMoscou
68%
CityPékin
68%
CityTokyo
68%
CityLondres
67%
CityPékin
67%
CityDacca
65%
CityLondres
65%
CityMexico
65%
CityNew York
65%
CityPékin
65%
CityTokyo
65%
CityLondres
64%
CityLos Angeles
64%
CityShanghai
64%
CityTokyo
64%
CityBerlin
63%
CityBogotá
63%
CityBrasília
63%
CityDacca
63%
CityLondres
63%
CityLos Angeles
63%
CityMadrid
63%
CityMexico
63%
CityNew Delhi
63%
CityNew York
63%
CityPékin
63%
CityRio de Janeiro
63%
CityRome
63%
CitySan Francisco
63%
CityTokyo
63%
CityLondres
62%
CityMadrid
62%
CityMoscou
62%
CityRome
62%
CityHong Kong
61%
CityLondres
61%
CityMadrid
61%
CityMoscou
61%
CityShanghai
61%
CityMoscou
60%
CityTokyo
60%
CityAlger
59%
CityKiev
59%
CityLondres
59%
CityMadrid
59%
CityMexico
59%
CityMoscou
59%
CityPékin
59%
CityRome
59%
CitySeoul
59%
CityShanghai
59%
CityMadrid
58%
CityPékin
58%
CityBuenos Aires
57%
CityLondres
57%
CityLos Angeles
57%
CityMadrid
57%
CityMoscou
57%
CityNew York
57%
CityRome
57%
CityShanghai
57%
CitySingapour
57%
CitySydney
57%
CityTokyo
57%
CityAlger
56%
CityAnkara
56%
CityBagdad
56%
CityBangkok
56%
CityBuenos Aires
56%
CityCalcutta
56%
CityCanton
56%
CityCaracas
56%
CityCasablanca
56%
CityDallas
56%
CityIstanbul
56%
CityJohannesbourg
56%
CityLagos
56%
CityLe Caire
56%
CityLe Cap
56%
City Lima
56%
CityLondres
56%
CityLos Angeles
56%
CityMadrid
56%
CityMelbourne
56%
CityMoscou
56%
CityNew York
56%
CityOsaka
56%
CityPékin
56%
CityRio de Janeiro
56%
CitySaint-Pétersbourg
56%
CitySan Francisco
56%
CitySantiago
56%
CitySão Paulo
56%
CityShanghai
56%
CitySydney
56%
CityTaipei
56%
CityTéhéran
56%
CityTokyo
56%
CityLondres
55%
CityLos Angeles
55%
CityMexico
55%
CityNew York
55%
CityAlger
54%
CityBarcelone
54%
CityBerlin
54%
CityBombay
54%
CityBrasília
54%
CityDacca
54%
CityJakarta
54%
CityKiev
54%
CityLagos
54%
CityLondres
54%
CityMadrid
54%
CityNew Delhi
54%
CityOsaka
54%
CityRome
54%
CityDakar
53%
CityHong Kong
53%
CityLagos
53%
CityLima
53%
CityLos Angeles
53%
CityMadrid
53%
CityMoscou
53%
CityNew York
53%
CityPékin
53%
CityShanghai
53%
CityWashington
53%
CityBangkok
52%
CityBarcelone
52%
CityBerlin
52%
CityChicago
52%
CityCologne / Düsseldorf
52%
CityHambourg
52%
CityKinshasa
52%
CityLe Cap
52%
CityLondres
52%
CityManchester
52%
CityMexico
52%
CityMilan
52%
CityMoscou
52%
CityNew Delhi
52%
CityPékin
52%
CityPyongyang
52%
CityRotterdam
52%
CitySeoul
52%
CityTokyo
52%
CityWashington
52%
CityAbidjan
50%
CityAbuja
50%
CityAccra
50%
CityAddis Abeba
50%
CityAhmedabad
50%
CityAlexandrie
50%
CityAmman
50%
CityAnkara
50%
CityAthènes
50%
CityAtlanta
50%
CityBamako
50%
CityBandung
50%
CityBangalore
50%
CityBarcelone
50%
CityBelo Horizonte
50%
CityBerlin
50%
CityBhilai
50%
CityBirmingham
50%
CityBogotá
50%
CityBoston
50%
CityBrisbane
50%
City Buenos Aires
50%
CityBusan
50%
CityCali
50%
CityCampinas
50%
CityCanton
50%
CityCasablanca
50%
CityCebu
50%
CityChangsha
50%
CityChangzhou
50%
CityChengdu
50%
CityChennai
50%
CityChicago
50%
CityChittagong
50%
CityChongqing
50%
CityCincinnati
50%
CityCleveland
50%
CityCologne / Düsseldorf
50%
CityColombo
50%
CityCuritiba
50%
CityDaegu
50%
CityDakar
50%
CityDalian
50%
CityDamas
50%
CityDar es Salam
50%
CityDenver
50%
CityDetroit
50%
CityDjaïpour
50%
CityDjeddah
50%
CityDouala
50%
CityDubai
50%
CityDurban
50%
CityFaisalabad
50%
CityFortaleza
50%
CityFrancfort
50%
CityFukuoka
50%
CityFuzhou
50%
CityGuadalajara
50%
CityGuatemala
50%
CityGuayaquil
50%
CityGuiyang
50%
CityGujranwala
50%
CityHambourg
50%
CityHangzhou
50%
CityHanoi
50%
CityHarbin
50%
CityHefei
50%
CityHô Chi Minh-Ville
50%
CityHong Kong
50%
CityHouston
50%
CityHuizhou
50%
CityHyderabad
50%
CityIbadan
50%
CityIndore
50%
CityIspahan
50%
CityIstanbul
50%
CityIzmir
50%
CityJakarta
50%
CityJinan
50%
CityKaboul
50%
CityKampala
50%
CityKano
50%
CityKanpur
50%
CityKaohsiung
50%
CityKarachi
50%
CityKatmandou
50%
CityKhartoum
50%
CityKiev
50%
CityKinshasa
50%
CityKoweït
50%
CityKuala Lumpur
50%
CityKumasi
50%
CityKunming
50%
CityLahore
50%
CityLanzhou
50%
CityLa Ruhr
50%
CityLe Caire
50%
CityLima
50%
CityLondres
50%
CityLuanda
50%
CityLucknow
50%
CityMachhad
50%
CityMadrid
50%
CityManchester
50%
CityManille
50%
CityMaputo
50%
CityMedan
50%
CityMedellín
50%
CityMexico
50%
CityMiami
50%
CityMilan
50%
CityMinneapolis
50%
CityMonterrey
50%
CityMontréal
50%
CityMoscou
50%
CityMystery City (Bombay)
50%
CityNagoya
50%
CityNagpour
50%
CityNairobi
50%
CityNanchang
50%
CityNanjing
50%
CityNanning
50%
CityNaples
50%
CityNew York
50%
CityNingbo
50%
CityOrlando
50%
CityPékin
50%
CityPhiladelphie
50%
CityPhoenix
50%
CityPort-au-Prince
50%
CityPorto Alegre
50%
CityPuebla
50%
CityPune
50%
CityPyongyang
50%
CityQingdao
50%
CityQuito
50%
CityRangoun
50%
CityRawalpindi
50%
CityRecife
50%
CityRio de Janeiro
50%
CityRiyad
50%
CityRome
50%
CityRotterdam
50%
CitySaint-Domingue
50%
CitySaint-Pétersbourg
50%
CitySalvador
50%
CitySanaa
50%
CitySan Diego
50%
CitySantiago
50%
CitySão Paulo
50%
CitySeattle
50%
CitySeoul
50%
CityShanghai
50%
CityShantou
50%
CityShenyang
50%
CityShijiazhuang
50%
CitySingapour
50%
CitySurabaya
50%
CitySurate
50%
CityTachkent
50%
CityTaiyuan
50%
CityTampa
50%
CityTangshan
50%
CityTchang-Tchouen
50%
CityTel Aviv
50%
CityTianjin
50%
CityToronto
50%
CityÜrümqi
50%
CityVancouver
50%
CityWenzhou
50%
CityWuhan
50%
CityWuxi
50%
CityXiamen
50%
CityXi'an
50%
CityXuzhou
50%
CityYaoundé
50%
CityZhengzhou
50%
CityZibo
50%
CityAbidjan
48%
CityAbuja
48%
CityAccra
48%
CityAddis Abeba
48%
CityAhmedabad
48%
CityAlexandrie
48%
CityAlger
48%
CityAmman
48%
CityAthènes
48%
CityAtlanta
48%
CityBagdad
48%
CityBamako
48%
CityBandung
48%
CityBangalore
48%
CityBarcelone
48%
CityBelo Horizonte
48%
CityBerlin
48%
CityBhilai
48%
CityBirmingham
48%
CityBogotá
48%
CityBombay
48%
CityBoston
48%
CityBrasília
48%
CityBrisbane
48%
CityBuenos Aires
48%
CityBusan
48%
CityCalcutta
48%
CityCali
48%
CityCampinas
48%
CityCanton
48%
CityCaracas
48%
CityCasablanca
48%
CityCebu
48%
CityChangsha
48%
CityChangzhou
48%
CityChengdu
48%
CityChennai
48%
CityChittagong
48%
CityChongqing
48%
CityCincinnati
48%
CityCleveland
48%
CityColombo
48%
CityCuritiba
48%
CityDacca
48%
CityDaegu
48%
CityDakar
48%
CityDalian
48%
CityDallas
48%
CityDamas
48%
CityDar es Salam
48%
CityDenver
48%
CityDetroit
48%
CityDjaïpour
48%
CityDjeddah
48%
CityDouala
48%
CityDubai
48%
CityDurban
48%
CityFaisalabad
48%
CityFortaleza
48%
CityFrancfort
48%
CityFukuoka
48%
CityFuzhou
48%
CityGuadalajara
48%
CityGuatemala
48%
CityGuayaquil
48%
CityGuiyang
48%
CityGujranwala
48%
CityHangzhou
48%
CityHanoi
48%
CityHarbin
48%
CityHefei
48%
CityHô Chi Minh-Ville
48%
CityHong Kong
48%
CityHouston
48%
CityHuizhou
48%
CityHyderabad
48%
CityIbadan
48%
CityIndore
48%
CityIspahan
48%
CityIzmir
48%
CityJakarta
48%
CityJinan
48%
CityJohannesbourg
48%
CityKaboul
48%
CityKampala
48%
CityKano
48%
CityKanpur
48%
CityKaohsiung
48%
CityKarachi
48%
CityKatmandou
48%
CityKhartoum
48%
CityKoweït
48%
CityKuala Lumpur
48%
CityKumasi
48%
CityKunming
48%
CityLagos
48%
CityLahore
48%
CityLanzhou
48%
CityLa Ruhr
48%
CityLe Caire
48%
CityLima
48%
CityLondres
48%
CityLuanda
48%
CityLucknow
48%
CityMachhad
48%
CityManille
48%
CityMaputo
48%
CityMedan
48%
CityMedellín
48%
CityMelbourne
48%
CityMiami
48%
CityMinneapolis
48%
CityMonterrey
48%
CityMontréal
48%
CityMystery City (Rome)
48%
CityNagoya
48%
CityNagpour
48%
CityNairobi
48%
CityNanchang
48%
CityNanjing
48%
CityNanning
48%
CityNaples
48%
CityNew Delhi
48%
CityNew York
48%
CityNingbo
48%
CityOrlando
48%
CityOsaka
48%
CityPhiladelphie
48%
CityPhoenix
48%
CityPort-au-Prince
48%
CityPorto Alegre
48%
CityPuebla
48%
CityPune
48%
CityPyongyang
48%
CityQingdao
48%
CityQuito
48%
CityRangoun
48%
CityRawalpindi
48%
CityRecife
48%
CityRiyad
48%
CityRome
48%
CitySaint-Domingue
48%
CitySalvador
48%
CitySanaa
48%
CitySan Diego
48%
CitySantiago
48%
CitySão Paulo
48%
CitySeattle
48%
CitySeoul
48%
CityShanghai
48%
CityShantou
48%
CityShenyang
48%
CityShijiazhuang
48%
CitySingapour
48%
CitySurabaya
48%
CitySurate
48%
City Sydney
48%
CityTachkent
48%
CityTaipei
48%
CityTaiyuan
48%
CityTampa
48%
CityTangshan
48%
CityTchang-Tchouen
48%
CityTéhéran
48%
CityTel Aviv
48%
CityTianjin
48%
CityToronto
48%
CityÜrümqi
48%
CityVancouver
48%
CityWenzhou
48%
CityWuhan
48%
CityWuxi
48%
CityXiamen
48%
CityXi'an
48%
CityXuzhou
48%
CityYaoundé
48%
CityZhengzhou
48%
CityZibo
48%
CityBerlin
47%
CityCasablanca
47%
CityChicago
47%
CityDallas
47%
CityLondres
47%
CityMilan
47%
CityMontréal
47%
CityMoscou
47%
CityNew Delhi
47%
CityPékin
47%
CityRome
47%
CitySão Paulo
47%
CitySeoul
47%
CityShanghai
47%
CityAbidjan
46%
CityAbuja
46%
CityAccra
46%
CityAddis Abeba
46%
CityAhmedabad
46%
CityAlexandrie
46%
CityAmman
46%
CityAthènes
46%
CityAtlanta
46%
CityBagdad
46%
CityBamako
46%
CityBandung
46%
CityBangalore
46%
CityBangkok
46%
CityBelo Horizonte
46%
CityBerlin
46%
CityBhilai
46%
CityBirmingham
46%
CityBoston
46%
CityBrisbane
46%
CityBusan
46%
CityCalcutta
46%
CityCali
46%
CityCampinas
46%
CityCaracas
46%
CityCebu
46%
CityChangsha
46%
CityChangzhou
46%
CityChengdu
46%
CityChennai
46%
CityChicago
46%
CityChittagong
46%
CityChongqing
46%
CityCincinnati
46%
CityCleveland
46%
CityCologne / Düsseldorf
46%
CityColombo
46%
CityCuritiba
46%
CityDaegu
46%
CityDakar
46%
CityDalian
46%
CityDallas
46%
CityDamas
46%
CityDar es Salam
46%
CityDenver
46%
CityDetroit
46%
CityDjaïpour
46%
CityDjeddah
46%
CityDouala
46%
CityDubai
46%
CityDurban
46%
CityFaisalabad
46%
CityFortaleza
46%
CityFrancfort
46%
CityFukuoka
46%
CityFuzhou
46%
CityGuadalajara
46%
CityGuatemala
46%
CityGuayaquil
46%
CityGuiyang
46%
CityGujranwala
46%
CityHambourg
46%
CityHangzhou
46%
CityHanoi
46%
CityHarbin
46%
CityHefei
46%
CityHô Chi Minh-Ville
46%
CityHouston
46%
CityHuizhou
46%
CityHyderabad
46%
CityIbadan
46%
CityIndore
46%
CityIspahan
46%
CityIzmir
46%
CityJinan
46%
CityJohannesbourg
46%
CityKaboul
46%
CityKampala
46%
CityKano
46%
CityKanpur
46%
CityKaohsiung
46%
CityKarachi
46%
CityKatmandou
46%
CityKhartoum
46%
CityKinshasa
46%
CityKoweït
46%
CityKuala Lumpur
46%
CityKumasi
46%
CityKunming
46%
CityLahore
46%
CityLanzhou
46%
CityLa Ruhr
46%
CityLe Cap
46%
CityLos Angeles
46%
CityLuanda
46%
CityLucknow
46%
CityMachhad
46%
CityMadrid
46%
CityManchester
46%
CityMaputo
46%
CityMedan
46%
CityMedellín
46%
CityMelbourne
46%
CityMiami
46%
CityMilan
46%
CityMinneapolis
46%
CityMonterrey
46%
CityMoscou
46%
CityMystery City (Seoul)
46%
CityNagoya
46%
CityNagpour
46%
CityNairobi
46%
CityNanchang
46%
CityNanjing
46%
CityNanning
46%
CityNaples
46%
CityNew York
46%
CityNingbo
46%
CityOrlando
46%
CityPhiladelphie
46%
CityPhoenix
46%
CityPort-au-Prince
46%
CityPorto Alegre
46%
CityPuebla
46%
CityPune
46%
CityPyongyang
46%
CityQingdao
46%
CityQuito
46%
CityRangoun
46%
CityRawalpindi
46%
CityRecife
46%
CityRiyad
46%
CityRome
46%
CityRotterdam
46%
CitySaint-Domingue
46%
CitySalvador
46%
CitySanaa
46%
CitySan Diego
46%
CitySan Francisco
46%
CitySeattle
46%
CityShantou
46%
CityShenyang
46%
CityShijiazhuang
46%
CitySurabaya
46%
CitySurate
46%
CityTachkent
46%
CityTaipei
46%
CityTaiyuan
46%
CityTampa
46%
CityTangshan
46%
CityTchang-Tchouen
46%
CityTéhéran
46%
CityTel Aviv
46%
CityTianjin
46%
CityTokyo
46%
CityÜrümqi
46%
CityVancouver
46%
CityWashington
46%
CityWenzhou
46%
CityWuxi
46%
CityXiamen
46%
CityXi'an
46%
CityXuzhou
46%
CityYaoundé
46%
CityZhengzhou
46%
CityZibo
46%
CityBerlin
45%
CityJakarta
45%
CityLos Angeles
45%
CityMadrid
45%
CityMoscou
45%
CityPékin
45%
CityRome
45%
CityShanghai
45%
CityWashington
45%
CityBarcelone
44%
CityMoscou
44%
CityNew York
44%
CitySeoul
44%
CityTokyo
44%
CityAlger
43%
CityBerlin
43%
CityHanoi
43%
CityHong Kong
43%
CityIstanbul
43%
CityJakarta
43%
CityLagos
43%
CityLos Angeles
43%
CityMadrid
43%
CityMilan
43%
CityMontréal
43%
CityMoscou
43%
CityNew York
43%
CityRio de Janeiro
43%
CitySão Paulo
43%
CityAlger
42%
CityBarcelone
42%
CityBerlin
42%
CityMadrid
42%
CityMoscou
42%
CityPékin
42%
CityRio de Janeiro
42%
CityShanghai
42%
CityTokyo
42%
CityAnkara
41%
CityAthènes
41%
CityAtlanta
41%
CityBamako
41%
CityBerlin
41%
CityBogotá
41%
CityBoston
41%
CityBuenos Aires
41%
CityChicago
41%
CityHouston
41%
CityIstanbul
41%
CityJohannesbourg
41%
CityKinshasa
41%
CityLe Caire
41%
CityLondres
41%
CityLos Angeles
41%
CityMadrid
41%
CityMiami
41%
CityMoscou
41%
CityNew York
41%
CityPékin
41%
CityPhoenix
41%
CityQuito
41%
CityRio de Janeiro
41%
CitySan Francisco
41%
CitySantiago
41%
CityShanghai
41%
CitySydney
41%
CityTokyo
41%
CityVancouver
41%
CityBerlin
40%
CityLondres
40%
CityLos Angeles
40%
CityMexico
40%
CityMoscou
40%
CityNew York
40%
CityPékin
40%
CityTokyo
40%
CityBagdad
39%
CityBangkok
39%
CityBerlin
39%
CityBombay
39%
CityBrasília
39%
CityBuenos Aires
39%
CityChicago
39%
CityHouston
39%
CityKuala Lumpur
39%
CityLondres
39%
CityManille
39%
CityMexico
39%
CityMoscou
39%
CityNaples
39%
CityNew York
39%
CityRio de Janeiro
39%
CityRome
39%
CityTachkent
39%
CityWashington
39%
CityXi'an
39%
CityYaoundé
39%
CityAbidjan
38%
CityAccra
38%
CityBarcelone
38%
CityBerlin
38%
CityBrasília
38%
CityCasablanca
38%
CityChicago
38%
CityDacca
38%
CityLagos
38%
CityLe Caire
38%
CityLe Cap
38%
CityLondres
38%
CityLos Angeles
38%
CityMexico
38%
CityMoscou
38%
CityNew York
38%
CityPékin
38%
CityRome
38%
CityShanghai
38%
CityTokyo
38%
CityKiev
37%
CityNew York
37%
CityBerlin
36%
CityIstanbul
36%
CityMadrid
36%
CityMexico
36%
CityMiami
36%
CityNew York
36%
CityRome
36%
CityTokyo
36%
CityWashington
36%
CityAbidjan
35%
CityAbuja
35%
CityAccra
35%
CityAddis Abeba
35%
CityAhmedabad
35%
CityAlexandrie
35%
CityAmman
35%
CityAnkara
35%
CityAthènes
35%
CityAtlanta
35%
CityBagdad
35%
CityBamako
35%
CityBandung
35%
CityBangalore
35%
CityBangkok
35%
CityBarcelone
35%
CityBelo Horizonte
35%
CityBerlin
35%
CityBhilai
35%
CityBirmingham
35%
CityBogotá
35%
CityBombay
35%
CityBoston
35%
CityBrasília
35%
CityBrisbane
35%
CityBusan
35%
CityCalcutta
35%
CityCali
35%
CityCampinas
35%
CityCanton
35%
CityCaracas
35%
CityCasablanca
35%
City | City Cebu
35%
CityChangsha
35%
CityChangzhou
35%
CityChengdu
35%
CityChennai
35%
CityChittagong
35%
CityChongqing
35%
CityCincinnati
35%
CityCleveland
35%
CityCologne / Düsseldorf
35%
CityColombo
35%
CityCuritiba
35%
CityDacca
35%
CityDaegu
35%
CityDakar
35%
CityDalian
35%
CityDallas
35%
CityDamas
35%
CityDar es Salam
35%
CityDenver
35%
CityDetroit
35%
CityDjaïpour
35%
CityDjeddah
35%
CityDouala
35%
CityDubai
35%
CityDurban
35%
CityFaisalabad
35%
CityFortaleza
35%
CityFrancfort
35%
CityFukuoka
35%
CityFuzhou
35%
CityGuadalajara
35%
CityGuatemala
35%
CityGuayaquil
35%
CityGuiyang
35%
CityGujranwala
35%
CityHambourg
35%
CityHangzhou
35%
CityHanoi
35%
CityHarbin
35%
CityHefei
35%
CityHô Chi Minh-Ville
35%
CityHong Kong
35%
CityHuizhou
35%
CityHyderabad
35%
CityIbadan
35%
CityIndore
35%
CityIspahan
35%
CityIstanbul
35%
CityIzmir
35%
CityJakarta
35%
CityJinan
35%
CityJohannesbourg
35%
CityKaboul
35%
CityKampala
35%
CityKano
35%
CityKanpur
35%
CityKaohsiung
35%
CityKarachi
35%
CityKatmandou
35%
CityKhartoum
35%
CityKiev
35%
CityKinshasa
35%
CityKoweït
35%
CityKuala Lumpur
35%
CityKumasi
35%
CityKunming
35%
CityLagos
35%
CityLahore
35%
CityLanzhou
35%
CityLa Ruhr
35%
CityLe Caire
35%
CityLe Cap
35%
CityLima
35%
CityLondres
35%
CityLuanda
35%
CityLucknow
35%
CityMachhad
35%
CityMadrid
35%
CityManchester
35%
CityManille
35%
CityMaputo
35%
CityMedan
35%
CityMedellín
35%
CityMelbourne
35%
CityMexico
35%
CityMiami
35%
CityMilan
35%
CityMinneapolis
35%
CityMonterrey
35%
CityMontréal
35%
CityMoscou
35%
CityMystery City (Brasília)
35%
CityMystery City (Osaka)
35%
CityNagoya
35%
CityNagpour
35%
CityNairobi
35%
CityNanchang
35%
CityNanjing
35%
CityNanning
35%
CityNaples
35%
CityNew Delhi
35%
CityNew York
35%
CityNingbo
35%
CityOrlando
35%
CityOsaka
35%
CityPhiladelphie
35%
CityPhoenix
35%
CityPort-au-Prince
35%
City | City Porto Alegre
35%
CityPuebla
35%
CityPune
35%
CityPyongyang
35%
CityQingdao
35%
CityQuito
35%
CityRangoun
35%
CityRawalpindi
35%
CityRecife
35%
CityRiyad
35%
CityRome
35%
CityRotterdam
35%
CitySaint-Domingue
35%
CitySaint-Pétersbourg
35%
CitySalvador
35%
CitySanaa
35%
CitySan Diego
35%
CitySan Francisco
35%
CitySantiago
35%
CitySão Paulo
35%
CitySeattle
35%
CitySeoul
35%
CityShanghai
35%
CityShantou
35%
CityShenyang
35%
CityShijiazhuang
35%
CitySingapour
35%
CitySurabaya
35%
CitySurate
35%
CitySydney
35%
CityTachkent
35%
CityTaipei
35%
CityTaiyuan
35%
CityTampa
35%
CityTangshan
35%
CityTchang-Tchouen
35%
CityTéhéran
35%
CityTel Aviv
35%
CityTianjin
35%
CityTokyo
35%
CityToronto
35%
CityÜrümqi
35%
CityVancouver
35%
CityWashington
35%
CityWenzhou
35%
CityWuhan
35%
CityWuxi
35%
CityXiamen
35%
CityXi'an
35%
CityXuzhou
35%
CityYaoundé
35%
CityZhengzhou
35%
CityZibo
35%
CityRio de Janeiro
34%
CityAbuja
33%
CityAlger
33%
CityAthènes
33%
CityAtlanta
33%
CityBamako
33%
CityBarcelone
33%
CityBerlin
33%
CityBirmingham
33%
CityBombay
33%
CityBrasília
33%
CityBuenos Aires
33%
CityCali
33%
CityCaracas
33%
CityDakar
33%
CityIstanbul
33%
CityJakarta
33%
CityJohannesbourg
33%
CityKinshasa
33%
CityKuala Lumpur
33%
CityLagos
33%
CityLe Caire
33%
CityLe Cap
33%
CityMadrid
33%
CityManchester
33%
CityMelbourne
33%
CityMiami
33%
CityMilan
33%
CityMoscou
33%
CityNew Delhi
33%
CityRio de Janeiro
33%
CitySeoul
33%
CitySingapour
33%
CityToronto
33%
CityVancouver
33%
CityYaoundé
33%
CityAlger
32%
CityBarcelone
32%
CityBombay
32%
CityCanton
32%
CityIstanbul
32%
CityLagos
32%
CityLe Caire
32%
CityMadrid
32%
CityManchester
32%
CityMontréal
32%
CityMoscou
32%
CityNew Delhi
32%
CityRome
32%
CitySeoul
32%
City | City Sydney
32%
CityTokyo
32%
CityAbidjan
31%
CityAbuja
31%
CityAccra
31%
CityAddis Abeba
31%
CityAhmedabad
31%
CityAlger
31%
CityAmman
31%
CityAnkara
31%
CityBagdad
31%
CityBamako
31%
CityBandung
31%
CityBangalore
31%
CityBangkok
31%
CityBarcelone
31%
CityBelo Horizonte
31%
CityBerlin
31%
CityBhilai
31%
CityBirmingham
31%
CityBombay
31%
CityBoston
31%
CityBrisbane
31%
CityBusan
31%
CityCalcutta
31%
CityCali
31%
CityCampinas
31%
CityCanton
31%
CityCebu
31%
CityChangsha
31%
CityChangzhou
31%
CityChengdu
31%
CityChennai
31%
CityChittagong
31%
CityChongqing
31%
CityCincinnati
31%
CityCleveland
31%
CityCologne / Düsseldorf
31%
CityColombo
31%
CityCuritiba
31%
CityDacca
31%
CityDaegu
31%
CityDakar
31%
CityDalian
31%
CityDallas
31%
CityDamas
31%
CityDar es Salam
31%
CityDenver
31%
CityDetroit
31%
CityDjaïpour
31%
CityDjeddah
31%
CityDouala
31%
CityDubai
31%
CityDurban
31%
CityFaisalabad
31%
CityFortaleza
31%
CityFrancfort
31%
CityFukuoka
31%
CityFuzhou
31%
CityGuadalajara
31%
CityGuatemala
31%
CityGuayaquil
31%
CityGuiyang
31%
CityGujranwala
31%
CityHangzhou
31%
CityHanoi
31%
CityHarbin
31%
CityHefei
31%
CityHong Kong
31%
CityHouston
31%
CityHuizhou
31%
CityHyderabad
31%
CityIbadan
31%
CityIndore
31%
CityIspahan
31%
CityIzmir
31%
CityJakarta
31%
CityJinan
31%
CityJohannesbourg
31%
CityKaboul
31%
CityKampala
31%
CityKano
31%
CityKanpur
31%
CityKaohsiung
31%
CityKarachi
31%
CityKatmandou
31%
CityKhartoum
31%
CityKinshasa
31%
CityKoweït
31%
CityKuala Lumpur
31%
CityKumasi
31%
CityKunming
31%
CityLahore
31%
CityLanzhou
31%
CityLa Ruhr
31%
CityLe Caire
31%
CityLuanda
31%
CityLucknow
31%
CityMachhad
31%
CityMadrid
31%
CityManchester
31%
CityManille
31%
CityMaputo
31%
CityMedan
31%
CityMedellín
31%
CityMelbourne
31%
CityMiami
31%
CityMilan
31%
CityMinneapolis
31%
CityMonterrey
31%
CityMoscou
31%
CityMystery City (Buenos Aires)
31%
CityNagoya
31%
CityNagpour
31%
CityNairobi
31%
CityNanchang
31%
CityNanjing
31%
CityNanning
31%
CityNaples
31%
CityNew Delhi
31%
CityNew York
31%
CityNingbo
31%
CityOrlando
31%
CityOsaka
31%
CityPékin
31%
CityPhiladelphie
31%
CityPhoenix
31%
CityPort-au-Prince
31%
CityPorto Alegre
31%
CityPuebla
31%
CityPune
31%
CityPyongyang
31%
City Qingdao
31%
CityRangoun
31%
CityRawalpindi
31%
CityRecife
31%
CityRiyad
31%
CityRotterdam
31%
CitySaint-Domingue
31%
CitySaint-Pétersbourg
31%
CitySalvador
31%
CitySanaa
31%
CitySan Diego
31%
CitySan Francisco
31%
CitySantiago
31%
CitySeattle
31%
CityShanghai
31%
CityShantou
31%
CityShenyang
31%
CityShijiazhuang
31%
CitySurabaya
31%
CitySurate
31%
CitySydney
31%
CityTachkent
31%
CityTaipei
31%
CityTaiyuan
31%
CityTampa
31%
CityTangshan
31%
CityTchang-Tchouen
31%
CityTel Aviv
31%
CityTianjin
31%
CityTokyo
31%
CityÜrümqi
31%
CityVancouver
31%
CityWenzhou
31%
CityWuhan
31%
CityWuxi
31%
CityXiamen
31%
CityXi'an
31%
CityXuzhou
31%
CityZhengzhou
31%
CityZibo
31%
CityAlger
30%
CityCalcutta
30%
CityDacca
30%
CityHanoi
30%
CityHong Kong
30%
CityLondres
30%
CityLos Angeles
30%
CityMadrid
30%
CityMexico
30%
CityMilan
30%
CityMoscou
30%
CityNew Delhi
30%
CityOsaka
30%
CityRome
30%
CitySaint-Pétersbourg
30%
CitySeoul
30%
CityShanghai
30%
CitySydney
30%
CityWuhan
30%
CityAbidjan
29%
CityAddis Abeba
29%
CityAhmedabad
29%
CityAlexandrie
29%
CityAmman
29%
CityAnkara
29%
CityBagdad
29%
CityBandung
29%
CityBangalore
29%
CityBangkok
29%
CityBarcelone
29%
CityBelo Horizonte
29%
CityBerlin
29%
CityBhilai
29%
CityBogotá
29%
CityBombay
29%
CityBoston
29%
CityBrisbane
29%
CityBusan
29%
CityCalcutta
29%
CityCampinas
29%
CityCanton
29%
CityCasablanca
29%
CityCebu
29%
CityChangsha
29%
CityChangzhou
29%
CityChengdu
29%
CityChennai
29%
CityChittagong
29%
CityChongqing
29%
CityCincinnati
29%
CityCleveland
29%
CityCologne / Düsseldorf
29%
CityColombo
29%
CityCuritiba
29%
CityDacca
29%
CityDaegu
29%
CityDakar
29%
CityDalian
29%
CityDallas
29%
CityDamas
29%
CityDar es Salam
29%
CityDenver
29%
CityDetroit
29%
CityDjaïpour
29%
CityDjeddah
29%
CityDouala
29%
CityDubai
29%
CityDurban
29%
CityFaisalabad
29%
CityFortaleza
29%
CityFrancfort
29%
City Fukuoka
29%
CityFuzhou
29%
CityGuadalajara
29%
CityGuatemala
29%
CityGuayaquil
29%
CityGuiyang
29%
CityGujranwala
29%
CityHambourg
29%
CityHangzhou
29%
CityHanoi
29%
CityHarbin
29%
CityHefei
29%
CityHô Chi Minh-Ville
29%
CityHong Kong
29%
CityHouston
29%
CityHuizhou
29%
CityHyderabad
29%
CityIbadan
29%
CityIndore
29%
CityIspahan
29%
CityIstanbul
29%
CityIzmir
29%
CityJinan
29%
CityKaboul
29%
CityKampala
29%
CityKano
29%
CityKanpur
29%
CityKaohsiung
29%
CityKarachi
29%
CityKatmandou
29%
CityKhartoum
29%
CityKiev
29%
CityKoweït
29%
CityKuala Lumpur
29%
CityKumasi
29%
CityKunming
29%
CityLahore
29%
CityLanzhou
29%
CityLa Ruhr
29%
CityLe Caire
29%
CityLondres
29%
CityLos Angeles
29%
CityLuanda
29%
CityLucknow
29%
CityMachhad
29%
CityManille
29%
CityMaputo
29%
CityMedan
29%
CityMedellín
29%
CityMexico
29%
CityMilan
29%
CityMinneapolis
29%
CityMonterrey
29%
CityMoscou
29%
CityMystery City (São Paulo)
29%
CityNagoya
29%
CityNagpour
29%
CityNairobi
29%
CityNanchang
29%
CityNanjing
29%
CityNanning
29%
CityNaples
29%
CityNew Delhi
29%
CityNew York
29%
CityNingbo
29%
CityOrlando
29%
CityOsaka
29%
CityPékin
29%
CityPhiladelphie
29%
CityPhoenix
29%
CityPort-au-Prince
29%
CityPorto Alegre
29%
CityPuebla
29%
CityPune
29%
CityPyongyang
29%
CityQingdao
29%
CityQuito
29%
CityRangoun
29%
CityRawalpindi
29%
CityRecife
29%
CityRio de Janeiro
29%
CityRiyad
29%
CityRome
29%
CityRotterdam
29%
CitySaint-Domingue
29%
CitySaint-Pétersbourg
29%
CitySalvador
29%
CitySanaa
29%
CitySan Diego
29%
CitySan Francisco
29%
CitySantiago
29%
CitySão Paulo
29%
CitySeattle
29%
CitySeoul
29%
CityShanghai
29%
CityShantou
29%
CityShenyang
29%
CityShijiazhuang
29%
CitySingapour
29%
CitySurabaya
29%
CitySurate
29%
CitySydney
29%
CityTachkent
29%
CityTaipei
29%
CityTaiyuan
29%
CityTampa
29%
CityTangshan
29%
CityTchang-Tchouen
29%
CityTéhéran
29%
CityTel Aviv
29%
CityTianjin
29%
CityTokyo
29%
CityToronto
29%
CityÜrümqi
29%
CityWashington
29%
CityWenzhou
29%
CityWuhan
29%
CityWuxi
29%
CityXiamen
29%
CityXi'an
29%
CityXuzhou
29%
CityZhengzhou
29%
CityZibo
29%
CityAnkara
28%
CityBarcelone
28%
CityHong Kong
28%
CityIstanbul
28%
CityLe Caire
28%
CityLima
28%
CityLondres
28%
CityMiami
28%
CityNew York
28%
CityRio de Janeiro
28%
CityTaipei
28%
CityTokyo
28%
CityWashington
28%
CityAlger
27%
CityAnkara
27%
CityAthènes
27%
CityBarcelone
27%
CityBerlin
27%
CityBoston
27%
CityBrasília
27%
CityChicago
27%
CityDacca
27%
CityDallas
27%
CityDenver
27%
CityHanoi
27%
CityHouston
27%
CityIstanbul
27%
CityJakarta
27%
CityKaboul
27%
CityKiev
27%
CityLe Caire
27%
CityLe Cap
27%
CityMadrid
27%
CityManille
27%
CityMiami
27%
CityMilan
27%
CityMontréal
27%
CityNanjing
27%
CityNew York
27%
CityPhiladelphie
27%
CityRio de Janeiro
27%
CityRome
27%
CitySanaa
27%
CitySantiago
27%
CitySeoul
27%
CityShanghai
27%
CitySingapour
27%
CitySydney
27%
CityTaipei
27%
CityTéhéran
27%
CityTokyo
27%
CityVancouver
27%
CityAlger
26%
CityBarcelone
26%
CityBerlin
26%
CityBirmingham
26%
CityBrasília
26%
CityCanton
26%
CityIstanbul
26%
CityLondres
26%
CityManchester
26%
CityManille
26%
CityNew Delhi
26%
CityNew York
26%
CityPyongyang
26%
CityRome
26%
CitySeoul
26%
CitySingapour
26%
CityWashington
26%
CityAnkara
25%
CityAthènes
25%
CityBangkok
25%
CityBarcelone
25%
CityBerlin
25%
CityBombay
25%
CityHong Kong
25%
CityIstanbul
25%
CityKiev
25%
CityKuala Lumpur
25%
CityLe Caire
25%
CityLos Angeles
25%
CityMadrid
25%
CityManille
25%
CityMiami
25%
CityMilan
25%
CityMoscou
25%
CityNaples
25%
CityPékin
25%
CityPyongyang
25%
CityRio de Janeiro
25%
CitySan Francisco
25%
CitySeoul
25%
CitySingapour
25%
CitySydney
25%
CityWashington
25%
CityAbuja
24%
CityAccra
24%
CityAhmedabad
24%
CityAlexandrie
24%
CityAlger
24%
CityAmman
24%
CityAtlanta
24%
CityBagdad
24%
CityBamako
24%
CityBandung
24%
CityBangalore
24%
CityBangkok
24%
CityBelo Horizonte
24%
CityBerlin
24%
CityBhilai
24%
CityBirmingham
24%
CityBogotá
24%
CityBombay
24%
CityBoston
24%
CityBrasília
24%
CityBrisbane
24%
CityBuenos Aires
24%
CityBusan
24%
CityCalcutta
24%
CityCali
24%
CityCampinas
24%
CityCanton
24%
CityCaracas
24%
CityCebu
24%
CityChangsha
24%
CityChangzhou
24%
CityChengdu
24%
CityChennai
24%
CityChicago
24%
CityChittagong
24%
CityChongqing
24%
CityCincinnati
24%
CityCleveland
24%
CityCologne / Düsseldorf
24%
CityColombo
24%
CityCuritiba
24%
CityDaegu
24%
CityDalian
24%
CityDallas
24%
CityDamas
24%
CityDar es Salam
24%
CityDenver
24%
CityDetroit
24%
CityDjeddah
24%
CityDouala
24%
CityDurban
24%
CityFaisalabad
24%
CityFortaleza
24%
CityFrancfort
24%
CityFukuoka
24%
CityFuzhou
24%
CityGuadalajara
24%
CityGuatemala
24%
CityGuayaquil
24%
CityGuiyang
24%
CityGujranwala
24%
CityHambourg
24%
CityHangzhou
24%
CityHanoi
24%
CityHarbin
24%
CityHefei
24%
CityHô Chi Minh-Ville
24%
CityHong Kong
24%
CityHouston
24%
CityHuizhou
24%
CityHyderabad
24%
CityIbadan
24%
CityIndore
24%
CityIspahan
24%
CityIzmir
24%
CityJakarta
24%
CityJinan
24%
CityKampala
24%
CityKano
24%
CityKanpur
24%
CityKaohsiung
24%
CityKarachi
24%
CityKatmandou
24%
CityKhartoum
24%
CityKiev
24%
CityKoweït
24%
CityKumasi
24%
CityKunming
24%
CityLahore
24%
CityLanzhou
24%
CityLa Ruhr
24%
CityLe Caire
24%
CityLe Cap
24%
CityLima
24%
CityLos Angeles
24%
CityLucknow
24%
CityMachhad
24%
CityManchester
24%
CityManille
24%
CityMaputo
24%
CityMedan
24%
CityMedellín
24%
CityMelbourne
24%
CityMexico
24%
CityMiami
24%
CityMinneapolis
24%
CityMonterrey
24%
CityMontréal
24%
CityMystery City (Johannesbourg)
24%
CityNagoya
24%
CityNagpour
24%
CityNairobi
24%
CityNanchang
24%
CityNanjing
24%
CityNanning
24%
CityNaples
24%
CityNew York
24%
CityNingbo
24%
CityOrlando
24%
CityOsaka
24%
CityPhiladelphie
24%
CityPhoenix
24%
CityPort-au-Prince
24%
CityPorto Alegre
24%
CityPuebla
24%
CityPune
24%
CityPyongyang
24%
CityQingdao
24%
CityQuito
24%
CityRangoun
24%
CityRawalpindi
24%
CityRecife
24%
CityRio de Janeiro
24%
CityRome
24%
CityRotterdam
24%
CitySaint-Domingue
24%
CitySaint-Pétersbourg
24%
CitySalvador
24%
CitySanaa
24%
CitySan Diego
24%
City San Francisco
24%
CitySantiago
24%
CitySeattle
24%
CityShantou
24%
CityShenyang
24%
CityShijiazhuang
24%
CitySingapour
24%
CitySurabaya
24%
CitySurate
24%
CitySydney
24%
CityTachkent
24%
CityTaipei
24%
CityTaiyuan
24%
CityTampa
24%
CityTangshan
24%
CityTchang-Tchouen
24%
CityTéhéran
24%
CityTel Aviv
24%
CityTianjin
24%
CityToronto
24%
CityÜrümqi
24%
CityVancouver
24%
CityWashington
24%
CityWenzhou
24%
CityWuhan
24%
CityWuxi
24%
CityXiamen
24%
CityXi'an
24%
CityXuzhou
24%
CityYaoundé
24%
CityZhengzhou
24%
CityZibo
24%
CityAlger
23%
CityAnkara
23%
CityAthènes
23%
CityAtlanta
23%
CityBagdad
23%
CityBangkok
23%
CityBogotá
23%
CityBombay
23%
CityBoston
23%
CityChicago
23%
CityDacca
23%
CityDakar
23%
CityDetroit
23%
CityFrancfort
23%
CityHanoi
23%
CityJakarta
23%
CityKiev
23%
CityLagos
23%
CityLe Cap
23%
CityLuanda
23%
CityMiami
23%
CityNew Delhi
23%
CityPékin
23%
CityPhiladelphie
23%
CityRio de Janeiro
23%
CityRome
23%
CitySaint-Pétersbourg
23%
CitySalvador
23%
CitySanaa
23%
CitySan Francisco
23%
CitySão Paulo
23%
CityShanghai
23%
CityToronto
23%
CityAlger
22%
CityAthènes
22%
CityBangkok
22%
CityBarcelone
22%
CityBerlin
22%
CityBombay
22%
CityBrasília
22%
CityDakar
22%
CityHong Kong
22%
CityIstanbul
22%
CityJakarta
22%
CityKaboul
22%
CityKiev
22%
CityLe Cap
22%
CityManille
22%
CityMexico
22%
CityMoscou
22%
CityNaples
22%
CityNew York
22%
CityPékin
22%
CityRio de Janeiro
22%
CityRome
22%
CitySaint-Pétersbourg
22%
CitySan Francisco
22%
CitySão Paulo
22%
CitySydney
22%
CityTaipei
22%
CityTéhéran
22%
CityTel Aviv
22%
CityWashington
22%
CityAlexandrie
21%
CityAlger
21%
CityAmman
21%
CityAthènes
21%
CityBagdad
21%
CityBarcelone
21%
CityBirmingham
21%
CityBombay
21%
CityBrasília
21%
CityBuenos Aires
21%
CityCanton
21%
CityCologne / Düsseldorf
21%
CityDamas
21%
CityDubai
21%
CityHarbin
21%
CityHong Kong
21%
CityJakarta
21%
CityKuala Lumpur
21%
CityLe Cap
21%
CityLos Angeles
21%
CityMadrid
21%
CityManille
21%
CityMexico
21%
CityMilan
21%
CityMontréal
21%
CityNaples
21%
CityNew Delhi
21%
CityQuito
21%
CityRiyad
21%
CityRome
21%
CitySaint-Pétersbourg
21%
CitySeoul
21%
CityShanghai
21%
CitySingapour
21%
CityTaipei
21%
CityTéhéran
21%
CityTianjin
21%
CityTokyo
21%
CityToronto
21%
CityWashington
21%
CityXi'an
21%
CityAbidjan
20%
CityAbuja
20%
CityAccra
20%
CityAddis Abeba
20%
CityAhmedabad
20%
CityAlexandrie
20%
CityAlger
20%
CityAmman
20%
CityAnkara
20%
CityAthènes
20%
CityAtlanta
20%
CityBagdad
20%
CityBamako
20%
CityBandung
20%
CityBangalore
20%
CityBangkok
20%
CityBelo Horizonte
20%
CityBerlin
20%
CityBhilai
20%
CityBirmingham
20%
CityBogotá
20%
CityBombay
20%
CityBrisbane
20%
CityBusan
20%
CityCalcutta
20%
CityCali
20%
CityCampinas
20%
CityCanton
20%
CityCaracas
20%
CityCasablanca
20%
CityCebu
20%
CityChangsha
20%
CityChangzhou
20%
CityChengdu
20%
CityChennai
20%
CityChicago
20%
CityChittagong
20%
CityChongqing
20%
CityCincinnati
20%
CityCleveland
20%
CityCologne / Düsseldorf
20%
CityColombo
20%
CityCuritiba
20%
CityDacca
20%
CityDaegu
20%
CityDakar
20%
CityDalian
20%
CityDallas
20%
CityDamas
20%
CityDar es Salam
20%
CityDenver
20%
CityDetroit
20%
CityDjaïpour
20%
CityDjeddah
20%
CityDouala
20%
CityDubai
20%
City Durban
20%
CityFaisalabad
20%
CityFortaleza
20%
CityFrancfort
20%
CityFukuoka
20%
CityFuzhou
20%
CityGuadalajara
20%
CityGuatemala
20%
CityGuayaquil
20%
CityGuiyang
20%
CityGujranwala
20%
CityHambourg
20%
CityHangzhou
20%
CityHarbin
20%
CityHefei
20%
CityHô Chi Minh-Ville
20%
CityHong Kong
20%
CityHuizhou
20%
CityHyderabad
20%
CityIbadan
20%
CityIndore
20%
CityIspahan
20%
CityIstanbul
20%
CityIzmir
20%
CityJakarta
20%
CityJinan
20%
CityJohannesbourg
20%
CityKampala
20%
CityKano
20%
CityKanpur
20%
CityKaohsiung
20%
CityKarachi
20%
CityKatmandou
20%
CityKhartoum
20%
CityKiev
20%
CityKinshasa
20%
CityKoweït
20%
CityKumasi
20%
CityKunming
20%
CityLagos
20%
CityLahore
20%
CityLanzhou
20%
CityLa Ruhr
20%
CityLe Caire
20%
CityLe Cap
20%
CityLima
20%
CityLondres
20%
CityLuanda
20%
CityLucknow
20%
CityMachhad
20%
CityMaputo
20%
CityMedan
20%
CityMedellín
20%
CityMelbourne
20%
CityMilan
20%
CityMinneapolis
20%
CityMonterrey
20%
CityMontréal
20%
CityMystery City (San Francisco)
20%
CityNagoya
20%
CityNagpour
20%
CityNairobi
20%
CityNanchang
20%
CityNanning
20%
CityNaples
20%
CityNew Delhi
20%
CityNingbo
20%
CityOrlando
20%
CityOsaka
20%
CityPhoenix
20%
CityPort-au-Prince
20%
CityPorto Alegre
20%
CityPuebla
20%
CityPune
20%
CityPyongyang
20%
CityQingdao
20%
CityQuito
20%
CityRangoun
20%
CityRawalpindi
20%
CityRecife
20%
CityRiyad
20%
CityRome
20%
CityRotterdam
20%
CitySaint-Domingue
20%
CitySaint-Pétersbourg
20%
CitySalvador
20%
CitySan Diego
20%
CitySão Paulo
20%
CitySeattle
20%
CitySeoul
20%
CityShanghai
20%
CityShantou
20%
CityShenyang
20%
CityShijiazhuang
20%
CitySurabaya
20%
CitySurate
20%
CityTachkent
20%
CityTaiyuan
20%
CityTampa
20%
CityTangshan
20%
CityTchang-Tchouen
20%
CityTéhéran
20%
CityTel Aviv
20%
CityTianjin
20%
CityToronto
20%
CityÜrümqi
20%
CityWashington
20%
CityWenzhou
20%
CityWuhan
20%
CityWuxi
20%
CityXiamen
20%
CityXi'an
20%
CityXuzhou
20%
CityYaoundé
20%
CityZhengzhou
20%
CityZibo
20%
CityAddis Abeba
19%
CityAhmedabad
19%
CityAlger
19%
CityAmman
19%
CityAnkara
19%
CityAthènes
19%
CityBagdad
19%
CityBamako
19%
CityBangalore
19%
CityBangkok
19%
CityBarcelone
19%
CityBogotá
19%
CityBoston
19%
CityBrasília
19%
CityBrisbane
19%
CityBuenos Aires
19%
CityCanton
19%
CityCasablanca
19%
CityChicago
19%
CityChongqing
19%
CityColombo
19%
CityDacca
19%
CityDakar
19%
CityDamas
19%
CityDar es Salam
19%
CityDenver
19%
CityDjaïpour
19%
CityFrancfort
19%
CityHanoi
19%
CityHong Kong
19%
CityIstanbul
19%
CityJakarta
19%
CityJohannesbourg
19%
CityKatmandou
19%
CityKiev
19%
CityKuala Lumpur
19%
CityLagos
19%
CityLe Caire
19%
CityLe Cap
19%
CityLos Angeles
19%
CityMadrid
19%
CityManchester
19%
CityManille
19%
CityMelbourne
19%
CityMexico
19%
CityMilan
19%
CityNaples
19%
CityNew Delhi
19%
CityNew York
19%
CityPékin
19%
CityPhiladelphie
19%
CityRio de Janeiro
19%
CityRiyad
19%
CityRotterdam
19%
CitySanaa
19%
CitySan Francisco
19%
CitySeoul
19%
CityShanghai
19%
CitySingapour
19%
CitySydney
19%
CityTéhéran
19%
CityTel Aviv
19%
CityTokyo
19%
CityToronto
19%
CityWashington
19%
CityWuhan
19%
CityAbidjan
18%
CityAbuja
18%
CityAccra
18%
CityAddis Abeba
18%
CityAhmedabad
18%
CityAlexandrie
18%
CityAlger
18%
CityAmman
18%
CityAnkara
18%
CityAthènes
18%
CityBagdad
18%
CityBamako
18%
City Bandung
18%
CityBangalore
18%
CityBangkok
18%
CityBelo Horizonte
18%
CityBerlin
18%
CityBhilai
18%
CityBirmingham
18%
CityBogotá
18%
CityBoston
18%
CityBrasília
18%
CityBrisbane
18%
CityBuenos Aires
18%
CityBusan
18%
CityCalcutta
18%
CityCali
18%
CityCampinas
18%
CityCanton
18%
CityCaracas
18%
CityCasablanca
18%
CityCebu
18%
CityChangsha
18%
CityChangzhou
18%
CityChengdu
18%
CityChennai
18%
CityChittagong
18%
CityChongqing
18%
CityCincinnati
18%
CityCleveland
18%
CityCologne / Düsseldorf
18%
CityColombo
18%
CityCuritiba
18%
CityDaegu
18%
CityDakar
18%
CityDalian
18%
CityDamas
18%
CityDar es Salam
18%
CityDenver
18%
CityDjaïpour
18%
CityDjeddah
18%
CityDouala
18%
CityDubai
18%
CityDurban
18%
CityFaisalabad
18%
CityFortaleza
18%
CityFukuoka
18%
CityFuzhou
18%
CityGuadalajara
18%
CityGuatemala
18%
CityGuayaquil
18%
CityGuiyang
18%
CityGujranwala
18%
CityHambourg
18%
CityHangzhou
18%
CityHanoi
18%
CityHarbin
18%
CityHefei
18%
CityHô Chi Minh-Ville
18%
CityHong Kong
18%
CityHouston
18%
CityHuizhou
18%
CityHyderabad
18%
CityIbadan
18%
CityIndore
18%
CityIspahan
18%
CityIstanbul
18%
CityIzmir
18%
CityJinan
18%
CityJohannesbourg
18%
CityKaboul
18%
CityKampala
18%
CityKano
18%
CityKanpur
18%
CityKaohsiung
18%
CityKarachi
18%
CityKatmandou
18%
CityKhartoum
18%
CityKiev
18%
CityKinshasa
18%
CityKoweït
18%
CityKuala Lumpur
18%
CityKumasi
18%
CityKunming
18%
CityLahore
18%
CityLanzhou
18%
CityLa Ruhr
18%
CityLe Cap
18%
CityLima
18%
CityLondres
18%
CityLos Angeles
18%
CityLucknow
18%
CityMachhad
18%
CityMadrid
18%
CityManchester
18%
CityManille
18%
CityMaputo
18%
CityMedan
18%
CityMedellín
18%
CityMelbourne
18%
CityMexico
18%
CityMinneapolis
18%
CityMonterrey
18%
CityMystery City (Houston)
18%
CityNagoya
18%
CityNagpour
18%
CityNairobi
18%
CityNanchang
18%
CityNanjing
18%
CityNanning
18%
CityNaples
18%
CityNew Delhi
18%
CityNingbo
18%
CityOrlando
18%
CityOsaka
18%
CityPékin
18%
CityPhoenix
18%
CityPort-au-Prince
18%
CityPorto Alegre
18%
CityPuebla
18%
CityPune
18%
CityPyongyang
18%
CityQingdao
18%
CityQuito
18%
CityRangoun
18%
CityRawalpindi
18%
CityRecife
18%
CityRio de Janeiro
18%
CityRiyad
18%
CityRotterdam
18%
CitySaint-Domingue
18%
CitySaint-Pétersbourg
18%
CitySanaa
18%
CitySan Diego
18%
CitySantiago
18%
CitySão Paulo
18%
CitySeattle
18%
CityShantou
18%
CityShenyang
18%
CityShijiazhuang
18%
CitySurabaya
18%
CitySurate
18%
CitySydney
18%
CityTachkent
18%
CityTaipei
18%
CityTaiyuan
18%
CityTampa
18%
CityTangshan
18%
CityTchang-Tchouen
18%
CityTéhéran
18%
CityTel Aviv
18%
CityTianjin
18%
CityTokyo
18%
CityÜrümqi
18%
CityVancouver
18%
CityWashington
18%
CityWenzhou
18%
CityWuhan
18%
CityWuxi
18%
CityXiamen
18%
CityXi'an
18%
CityXuzhou
18%
CityYaoundé
18%
CityZhengzhou
18%
CityZibo
18%
CityAbidjan
17%
CityAbuja
17%
CityAccra
17%
CityAddis Abeba
17%
CityAhmedabad
17%
CityAlexandrie
17%
CityAtlanta
17%
CityBamako
17%
CityBandung
17%
CityBangalore
17%
CityBangkok
17%
CityBarcelone
17%
CityBelo Horizonte
17%
CityBerlin
17%
CityBhilai
17%
CityBogotá
17%
CityBombay
17%
CityBoston
17%
CityBrasília
17%
CityBrisbane
17%
CityBusan
17%
CityCalcutta
17%
CityCali
17%
CityCampinas
17%
CityCanton
17%
CityCaracas
17%
CityCasablanca
17%
CityCebu
17%
CityChangsha
17%
CityChangzhou
17%
CityChengdu
17%
CityChennai
17%
CityChicago
17%
CityChittagong
17%
CityChongqing
17%
CityCincinnati
17%
CityCleveland
17%
CityColombo
17%
CityCuritiba
17%
CityDacca
17%
CityDaegu
17%
CityDakar
17%
CityDalian
17%
CityDallas
17%
CityDar es Salam
17%
CityDenver
17%
CityDetroit
17%
CityDjaïpour
17%
CityDjeddah
17%
CityDouala
17%
CityDubai
17%
CityDurban
17%
CityFaisalabad
17%
CityFortaleza
17%
CityFrancfort
17%
CityFukuoka
17%
CityFuzhou
17%
CityGuadalajara
17%
CityGuatemala
17%
CityGuayaquil
17%
CityGuiyang
17%
CityGujranwala
17%
CityHambourg
17%
CityHangzhou
17%
CityHanoi
17%
CityHefei
17%
CityHô Chi Minh-Ville
17%
CityHong Kong
17%
CityHouston
17%
CityHuizhou
17%
CityHyderabad
17%
CityIbadan
17%
CityIndore
17%
CityIspahan
17%
CityIstanbul
17%
CityJakarta
17%
CityJinan
17%
CityJohannesbourg
17%
CityKaboul
17%
CityKampala
17%
CityKano
17%
CityKanpur
17%
CityKaohsiung
17%
CityKarachi
17%
CityKatmandou
17%
CityKhartoum
17%
CityKiev
17%
CityKinshasa
17%
CityKoweït
17%
CityKuala Lumpur
17%
CityKumasi
17%
CityKunming
17%
CityLagos
17%
CityLahore
17%
CityLanzhou
17%
CityLa Ruhr
17%
CityLe Caire
17%
CityLe Cap
17%
CityLima
17%
CityLos Angeles
17%
CityLuanda
17%
CityLucknow
17%
CityMachhad
17%
CityManille
17%
CityMaputo
17%
CityMedan
17%
CityMedellín
17%
CityMexico
17%
CityMiami
17%
CityMinneapolis
17%
CityMonterrey
17%
CityMontréal
17%
CityMystery City (Kiev)
17%
CityNagoya
17%
CityNagpour
17%
CityNairobi
17%
CityNanchang
17%
CityNanjing
17%
CityNanning
17%
CityNaples
17%
CityNew Delhi
17%
CityNew York
17%
CityNingbo
17%
CityOrlando
17%
CityOsaka
17%
CityPékin
17%
CityPhiladelphie
17%
CityPhoenix
17%
CityPort-au-Prince
17%
CityPorto Alegre
17%
CityPuebla
17%
CityPune
17%
CityPyongyang
17%
CityQingdao
17%
CityQuito
17%
CityRangoun
17%
CityRawalpindi
17%
CityRecife
17%
CityRio de Janeiro
17%
CityRome
17%
CitySaint-Domingue
17%
CitySalvador
17%
CitySanaa
17%
CitySan Diego
17%
CitySan Francisco
17%
CitySantiago
17%
CitySão Paulo
17%
CitySeattle
17%
CityShanghai
17%
CityShantou
17%
CityShenyang
17%
CityShijiazhuang
17%
CitySingapour
17%
CitySurabaya
17%
CitySurate
17%
City | City Sydney
17%
CityTachkent
17%
CityTaipei
17%
CityTaiyuan
17%
CityTampa
17%
CityTangshan
17%
CityTchang-Tchouen
17%
CityTéhéran
17%
CityTel Aviv
17%
CityTokyo
17%
CityÜrümqi
17%
CityVancouver
17%
CityWashington
17%
CityWenzhou
17%
CityWuhan
17%
CityWuxi
17%
CityXiamen
17%
CityXi'an
17%
CityXuzhou
17%
CityYaoundé
17%
CityZhengzhou
17%
CityZibo
17%
CityAnkara
16%
CityAthènes
16%
CityBangkok
16%
CityBarcelone
16%
CityBerlin
16%
CityBrasília
16%
CityCalcutta
16%
CityCanton
16%
CityChennai
16%
CityDacca
16%
CityDakar
16%
CityHangzhou
16%
CityHô Chi Minh-Ville
16%
CityIstanbul
16%
CityJakarta
16%
CityKiev
16%
CityKinshasa
16%
CityLagos
16%
CityLe Caire
16%
CityLondres
16%
CityLos Angeles
16%
CityMadrid
16%
CityManchester
16%
CityManille
16%
CityMexico
16%
CityNairobi
16%
CityRangoun
16%
CityRio de Janeiro
16%
CitySão Paulo
16%
CityShanghai
16%
CityTokyo
16%
CityToronto
16%
CityWashington
16%
CityWuhan
16%
CityYaoundé
16%
CityAbidjan
15%
CityAbuja
15%
CityAccra
15%
CityAlexandrie
15%
CityAlger
15%
CityAmman
15%
CityAthènes
15%
CityAtlanta
15%
CityBandung
15%
CityBangalore
15%
CityBangkok
15%
CityBarcelone
15%
CityBelo Horizonte
15%
CityBerlin
15%
CityBhilai
15%
CityBirmingham
15%
CityBogotá
15%
CityBombay
15%
CityBoston
15%
CityBrasília
15%
CityBuenos Aires
15%
CityBusan
15%
CityCalcutta
15%
CityCali
15%
CityCampinas
15%
CityCanton
15%
CityCaracas
15%
CityCasablanca
15%
CityCebu
15%
CityChangsha
15%
CityChangzhou
15%
CityChengdu
15%
CityChennai
15%
CityChittagong
15%
CityCincinnati
15%
CityCleveland
15%
CityCologne / Düsseldorf
15%
CityCuritiba
15%
CityDaegu
15%
CityDalian
15%
CityDallas
15%
CityDenver
15%
CityDetroit
15%
CityDjeddah
15%
CityDouala
15%
CityDubai
15%
CityDurban
15%
CityFaisalabad
15%
CityFortaleza
15%
CityFrancfort
15%
CityFukuoka
15%
CityFuzhou
15%
CityGuadalajara
15%
CityGuatemala
15%
CityGuayaquil
15%
CityGuiyang
15%
CityGujranwala
15%
CityHambourg
15%
CityHangzhou
15%
CityHanoi
15%
CityHarbin
15%
CityHefei
15%
CityHô Chi Minh-Ville
15%
CityHouston
15%
CityHuizhou
15%
CityHyderabad
15%
CityIbadan
15%
CityIndore
15%
CityIspahan
15%
CityIstanbul
15%
CityIzmir
15%
CityJinan
15%
CityKaboul
15%
CityKampala
15%
CityKano
15%
CityKanpur
15%
CityKaohsiung
15%
CityKarachi
15%
CityKhartoum
15%
CityKiev
15%
CityKinshasa
15%
CityKoweït
15%
CityKuala Lumpur
15%
CityKumasi
15%
CityKunming
15%
CityLagos
15%
CityLahore
15%
CityLanzhou
15%
CityLa Ruhr
15%
CityLe Caire
15%
CityLe Cap
15%
City Lima
15%
CityLondres
15%
CityLos Angeles
15%
CityLuanda
15%
CityLucknow
15%
CityMachhad
15%
CityMadrid
15%
CityManchester
15%
CityMaputo
15%
CityMedan
15%
CityMedellín
15%
CityMelbourne
15%
CityMexico
15%
CityMiami
15%
CityMinneapolis
15%
CityMonterrey
15%
CityMontréal
15%
CityMystery City (Karachi)
15%
CityNagoya
15%
CityNagpour
15%
CityNairobi
15%
CityNanchang
15%
CityNanjing
15%
CityNanning
15%
CityNew Delhi
15%
CityNingbo
15%
CityOrlando
15%
CityOsaka
15%
CityPhoenix
15%
CityPort-au-Prince
15%
CityPorto Alegre
15%
CityPuebla
15%
CityPune
15%
CityPyongyang
15%
CityQingdao
15%
CityQuito
15%
CityRangoun
15%
CityRawalpindi
15%
CityRecife
15%
CityRio de Janeiro
15%
CityRiyad
15%
CityRome
15%
CitySaint-Domingue
15%
CitySalvador
15%
CitySan Diego
15%
CitySan Francisco
15%
CitySantiago
15%
CitySão Paulo
15%
CitySeattle
15%
CityShanghai
15%
CityShantou
15%
CityShenyang
15%
CityShijiazhuang
15%
CitySingapour
15%
CitySurabaya
15%
CitySurate
15%
CitySydney
15%
CityTachkent
15%
CityTaipei
15%
CityTaiyuan
15%
CityTampa
15%
CityTangshan
15%
CityTchang-Tchouen
15%
CityTéhéran
15%
CityTel Aviv
15%
CityTianjin
15%
CityToronto
15%
CityÜrümqi
15%
CityVancouver
15%
CityWenzhou
15%
CityWuhan
15%
CityWuxi
15%
CityXiamen
15%
CityXi'an
15%
CityXuzhou
15%
CityYaoundé
15%
CityZhengzhou
15%
CityZibo
15%
CityAbidjan
14%
CityAbuja
14%
CityAccra
14%
CityAddis Abeba
14%
CityAhmedabad
14%
CityAlexandrie
14%
CityAlger
14%
CityAmman
14%
CityAnkara
14%
CityAthènes
14%
CityAtlanta
14%
CityBagdad
14%
CityBamako
14%
CityBandung
14%
CityBangalore
14%
CityBangkok
14%
CityBarcelone
14%
CityBelo Horizonte
14%
CityBhilai
14%
CityBirmingham
14%
CityBogotá
14%
CityBombay
14%
CityBrasília
14%
CityBrisbane
14%
CityBuenos Aires
14%
CityBusan
14%
CityCalcutta
14%
CityCali
14%
CityCampinas
14%
CityCanton
14%
CityCaracas
14%
CityCasablanca
14%
CityCebu
14%
CityChangsha
14%
CityChangzhou
14%
CityChengdu
14%
CityChennai
14%
CityChicago
14%
CityChittagong
14%
CityChongqing
14%
CityCincinnati
14%
CityCleveland
14%
CityCologne / Düsseldorf
14%
CityColombo
14%
CityCuritiba
14%
CityDacca
14%
CityDaegu
14%
CityDakar
14%
CityDalian
14%
CityDallas
14%
CityDamas
14%
CityDar es Salam
14%
CityDenver
14%
CityDetroit
14%
CityDjaïpour
14%
CityDjeddah
14%
CityDouala
14%
CityDubai
14%
CityDurban
14%
CityFaisalabad
14%
CityFortaleza
14%
CityFrancfort
14%
CityFukuoka
14%
CityFuzhou
14%
CityGuadalajara
14%
CityGuatemala
14%
CityGuayaquil
14%
CityGuiyang
14%
CityGujranwala
14%
CityHambourg
14%
CityHangzhou
14%
CityHanoi
14%
CityHarbin
14%
CityHefei
14%
CityHô Chi Minh-Ville
14%
CityHong Kong
14%
CityHouston
14%
CityHuizhou
14%
CityHyderabad
14%
CityIbadan
14%
CityIndore
14%
CityIspahan
14%
CityIstanbul
14%
CityIzmir
14%
CityJinan
14%
CityJohannesbourg
14%
CityKaboul
14%
CityKampala
14%
CityKano
14%
CityKanpur
14%
CityKaohsiung
14%
CityKarachi
14%
CityKatmandou
14%
CityKhartoum
14%
CityKiev
14%
CityKinshasa
14%
CityKoweït
14%
CityKumasi
14%
CityKunming
14%
CityLagos
14%
CityLahore
14%
CityLanzhou
14%
CityLa Ruhr
14%
CityLe Cap
14%
CityLima
14%
CityLos Angeles
14%
CityLuanda
14%
CityLucknow
14%
CityMachhad
14%
CityManchester
14%
CityManille
14%
CityMaputo
14%
CityMedan
14%
CityMedellín
14%
CityMelbourne
14%
CityMexico
14%
CityMiami
14%
CityMilan
14%
CityMinneapolis
14%
CityMonterrey
14%
CityMystery City (Manchester)
14%
CityNagoya
14%
CityNagpour
14%
CityNairobi
14%
CityNanchang
14%
CityNanjing
14%
CityNanning
14%
CityNew Delhi
14%
CityNingbo
14%
CityOrlando
14%
CityOsaka
14%
CityPékin
14%
CityPhiladelphie
14%
CityPhoenix
14%
CityPort-au-Prince
14%
CityPorto Alegre
14%
CityPuebla
14%
CityPune
14%
CityPyongyang
14%
CityQingdao
14%
CityQuito
14%
CityRangoun
14%
CityRawalpindi
14%
CityRecife
14%
CityRio de Janeiro
14%
CityRotterdam
14%
CitySaint-Domingue
14%
CitySalvador
14%
CitySanaa
14%
CitySan Diego
14%
CitySan Francisco
14%
CitySantiago
14%
CitySão Paulo
14%
CitySeattle
14%
CitySeoul
14%
CityShanghai
14%
CityShantou
14%
CityShenyang
14%
CityShijiazhuang
14%
CitySingapour
14%
CitySurabaya
14%
CitySurate
14%
City | City Sydney
14%
CityTachkent
14%
CityTaipei
14%
CityTaiyuan
14%
CityTampa
14%
CityTangshan
14%
CityTchang-Tchouen
14%
CityTéhéran
14%
CityTel Aviv
14%
CityTianjin
14%
CityTokyo
14%
CityToronto
14%
CityÜrümqi
14%
CityVancouver
14%
CityWashington
14%
CityWenzhou
14%
CityWuhan
14%
CityWuxi
14%
CityXiamen
14%
CityXi'an
14%
CityXuzhou
14%
CityYaoundé
14%
CityZhengzhou
14%
CityZibo
14%
CityAbidjan
13%
CityAbuja
13%
CityAccra
13%
CityAddis Abeba
13%
CityAhmedabad
13%
CityAlexandrie
13%
CityAlger
13%
CityAmman
13%
CityAnkara
13%
CityAthènes
13%
CityAtlanta
13%
CityBagdad
13%
CityBamako
13%
CityBandung
13%
CityBangalore
13%
CityBangkok
13%
CityBarcelone
13%
CityBelo Horizonte
13%
CityBerlin
13%
CityBhilai
13%
CityBirmingham
13%
CityBogotá
13%
CityBombay
13%
CityBoston
13%
CityBrasília
13%
CityBrisbane
13%
City | City Buenos Aires
13%
CityBusan
13%
CityCali
13%
CityCampinas
13%
CityCanton
13%
CityCaracas
13%
CityCasablanca
13%
CityCebu
13%
CityChangsha
13%
CityChangzhou
13%
CityChengdu
13%
CityChennai
13%
CityChicago
13%
CityChittagong
13%
CityChongqing
13%
CityCincinnati
13%
CityCleveland
13%
CityCologne / Düsseldorf
13%
CityColombo
13%
CityCuritiba
13%
CityDacca
13%
CityDaegu
13%
CityDakar
13%
CityDalian
13%
CityDallas
13%
CityDamas
13%
CityDar es Salam
13%
CityDenver
13%
CityDetroit
13%
CityDjaïpour
13%
CityDjeddah
13%
CityDouala
13%
CityDurban
13%
CityFaisalabad
13%
CityFortaleza
13%
CityFrancfort
13%
CityFukuoka
13%
CityFuzhou
13%
CityGuadalajara
13%
CityGuatemala
13%
CityGuayaquil
13%
CityGuiyang
13%
CityGujranwala
13%
CityHambourg
13%
CityHanoi
13%
CityHarbin
13%
CityHefei
13%
CityHô Chi Minh-Ville
13%
CityHong Kong
13%
CityHouston
13%
CityHuizhou
13%
CityHyderabad
13%
CityIbadan
13%
CityIndore
13%
CityIspahan
13%
CityIzmir
13%
CityJakarta
13%
CityJinan
13%
CityKaboul
13%
CityKampala
13%
CityKano
13%
CityKanpur
13%
CityKaohsiung
13%
CityKatmandou
13%
CityKhartoum
13%
CityKinshasa
13%
CityKoweït
13%
CityKumasi
13%
CityKunming
13%
CityLagos
13%
CityLahore
13%
CityLanzhou
13%
CityLa Ruhr
13%
CityLe Caire
13%
CityLe Cap
13%
CityLima
13%
CityLondres
13%
CityLos Angeles
13%
CityLuanda
13%
CityLucknow
13%
CityMachhad
13%
CityMadrid
13%
CityManchester
13%
CityManille
13%
CityMaputo
13%
CityMedan
13%
CityMedellín
13%
CityMelbourne
13%
CityMexico
13%
CityMiami
13%
CityMilan
13%
CityMinneapolis
13%
CityMonterrey
13%
CityMystery City (Tianjin)
13%
CityNagpour
13%
CityNairobi
13%
CityNanchang
13%
CityNanning
13%
CityNew York
13%
CityNingbo
13%
CityOrlando
13%
CityOsaka
13%
CityPhiladelphie
13%
CityPhoenix
13%
CityPort-au-Prince
13%
CityPorto Alegre
13%
CityPuebla
13%
CityPune
13%
CityQingdao
13%
CityQuito
13%
CityRangoun
13%
CityRawalpindi
13%
CityRecife
13%
CityRio de Janeiro
13%
CityRiyad
13%
CityRome
13%
CityRotterdam
13%
CitySaint-Domingue
13%
CitySaint-Pétersbourg
13%
CitySalvador
13%
CitySanaa
13%
CitySan Diego
13%
CitySantiago
13%
CitySeattle
13%
CitySeoul
13%
CityShantou
13%
CityShenyang
13%
CityShijiazhuang
13%
CitySingapour
13%
CitySurabaya
13%
CitySurate
13%
CitySydney
13%
CityTachkent
13%
CityTaipei
13%
CityTaiyuan
13%
CityTampa
13%
CityTangshan
13%
CityTchang-Tchouen
13%
CityTéhéran
13%
CityTel Aviv
13%
CityTokyo
13%
CityToronto
13%
CityÜrümqi
13%
CityVancouver
13%
CityWashington
13%
CityWuxi
13%
CityXiamen
13%
CityXuzhou
13%
CityYaoundé
13%
CityZhengzhou
13%
CityZibo
13%
CityAlger
12%
CityAnkara
12%
CityAthènes
12%
CityBagdad
12%
CityBarcelone
12%
CityBirmingham
12%
CityBogotá
12%
CityBombay
12%
CityCali
12%
CityChicago
12%
CityCleveland
12%
CityGuatemala
12%
CityHanoi
12%
CityJakarta
12%
CityJohannesbourg
12%
CityLagos
12%
CityLondres
12%
CityManchester
12%
CityManille
12%
CityMiami
12%
CityMontréal
12%
CityOsaka
12%
CityPhiladelphie
12%
CityPyongyang
12%
CityRio de Janeiro
12%
CityRome
12%
CitySaint-Pétersbourg
12%
CitySan Francisco
12%
CitySantiago
12%
CitySão Paulo
12%
CitySeattle
12%
CitySeoul
12%
CitySydney
12%
CityTaipei
12%
CityToronto
12%
CityWashington
12%
CityXi'an
12%
CityAbidjan
11%
CityAbuja
11%
CityAccra
11%
CityAddis Abeba
11%
CityAhmedabad
11%
CityAlexandrie
11%
CityAmman
11%
CityAnkara
11%
CityAthènes
11%
CityAtlanta
11%
CityBagdad
11%
CityBamako
11%
CityBandung
11%
CityBangalore
11%
CityBangkok
11%
CityBelo Horizonte
11%
CityBhilai
11%
CityBirmingham
11%
CityBogotá
11%
CityBombay
11%
CityBoston
11%
CityBrasília
11%
CityBrisbane
11%
CityBuenos Aires
11%
CityBusan
11%
CityCalcutta
11%
CityCali
11%
CityCampinas
11%
CityCanton
11%
CityCaracas
11%
CityCasablanca
11%
CityCebu
11%
CityChangsha
11%
CityChangzhou
11%
CityChengdu
11%
CityChennai
11%
CityChicago
11%
CityChittagong
11%
CityChongqing
11%
CityCincinnati
11%
CityCleveland
11%
CityCologne / Düsseldorf
11%
CityColombo
11%
CityCuritiba
11%
CityDacca
11%
CityDaegu
11%
CityDakar
11%
CityDalian
11%
CityDallas
11%
CityDamas
11%
CityDar es Salam
11%
CityDenver
11%
CityDetroit
11%
CityDjaïpour
11%
CityDjeddah
11%
CityDouala
11%
CityDubai
11%
CityDurban
11%
CityFaisalabad
11%
CityFortaleza
11%
CityFrancfort
11%
CityFukuoka
11%
CityFuzhou
11%
CityGuadalajara
11%
CityGuatemala
11%
CityGuayaquil
11%
CityGuiyang
11%
CityGujranwala
11%
CityHambourg
11%
CityHangzhou
11%
CityHanoi
11%
CityHarbin
11%
CityHefei
11%
CityHô Chi Minh-Ville
11%
CityHong Kong
11%
CityHouston
11%
CityHuizhou
11%
CityHyderabad
11%
CityIbadan
11%
CityIndore
11%
CityIspahan
11%
CityIstanbul
11%
CityIzmir
11%
CityJakarta
11%
CityJinan
11%
CityJohannesbourg
11%
CityKaboul
11%
CityKampala
11%
CityKano
11%
CityKanpur
11%
CityKaohsiung
11%
CityKarachi
11%
CityKatmandou
11%
CityKhartoum
11%
CityKiev
11%
CityKinshasa
11%
CityKoweït
11%
CityKuala Lumpur
11%
CityKumasi
11%
CityKunming
11%
CityLagos
11%
CityLahore
11%
CityLanzhou
11%
CityLa Ruhr
11%
CityLe Caire
11%
CityLe Cap
11%
City | City | City Lima
11%
CityLondres
11%
CityLuanda
11%
CityLucknow
11%
CityMachhad
11%
CityManchester
11%
CityManille
11%
CityMaputo
11%
CityMedan
11%
CityMedellín
11%
CityMelbourne
11%
CityMexico
11%
CityMiami
11%
CityMilan
11%
CityMinneapolis
11%
CityMonterrey
11%
CityMontréal
11%
CityMystery City (Casablanca)
11%
CityMystery City (Dacca)
11%
CityMystery City (Hanoi)
11%
CityMystery City (Rotterdam)
11%
CityNagoya
11%
CityNagpour
11%
CityNairobi
11%
CityNanchang
11%
CityNanjing
11%
CityNanning
11%
CityNaples
11%
CityNew Delhi
11%
CityNew York
11%
CityNingbo
11%
CityOrlando
11%
CityOsaka
11%
CityPhiladelphie
11%
CityPhoenix
11%
CityPort-au-Prince
11%
CityPorto Alegre
11%
CityPuebla
11%
CityPune
11%
CityPyongyang
11%
CityQingdao
11%
CityQuito
11%
CityRangoun
11%
CityRawalpindi
11%
CityRecife
11%
CityRio de Janeiro
11%
CityRiyad
11%
CityRome
11%
CityRotterdam
11%
CitySaint-Domingue
11%
CitySaint-Pétersbourg
11%
CitySalvador
11%
CitySanaa
11%
CitySan Diego
11%
CitySan Francisco
11%
CitySantiago
11%
CitySão Paulo
11%
CitySeattle
11%
CitySeoul
11%
CityShanghai
11%
CityShantou
11%
CityShenyang
11%
CityShijiazhuang
11%
CitySingapour
11%
CitySurabaya
11%
CitySurate
11%
City | City Sydney
11%
CityTachkent
11%
CityTaipei
11%
CityTaiyuan
11%
CityTampa
11%
CityTangshan
11%
CityTchang-Tchouen
11%
CityTéhéran
11%
CityTel Aviv
11%
CityTianjin
11%
CityTokyo
11%
CityToronto
11%
CityÜrümqi
11%
CityVancouver
11%
CityWashington
11%
CityWenzhou
11%
CityWuhan
11%
CityWuxi
11%
CityXiamen
11%
CityXi'an
11%
CityXuzhou
11%
CityYaoundé
11%
CityZhengzhou
11%
CityZibo
11%
CityAbidjan
10%
CityAbuja
10%
CityAccra
10%
CityAddis Abeba
10%
CityAhmedabad
10%
CityAlexandrie
10%
CityAlger
10%
CityAmman
10%
CityAnkara
10%
CityAthènes
10%
CityBagdad
10%
CityBamako
10%
CityBandung
10%
CityBangalore
10%
CityBangkok
10%
CityBelo Horizonte
10%
CityBerlin
10%
CityBhilai
10%
CityBirmingham
10%
CityBombay
10%
CityBoston
10%
CityBrisbane
10%
CityBusan
10%
CityCalcutta
10%
CityCali
10%
CityCampinas
10%
CityCanton
10%
CityCaracas
10%
CityCasablanca
10%
CityCebu
10%
CityChangsha
10%
CityChangzhou
10%
CityChengdu
10%
CityChennai
10%
CityChicago
10%
CityChittagong
10%
CityChongqing
10%
CityCincinnati
10%
CityCleveland
10%
CityCologne / Düsseldorf
10%
CityColombo
10%
CityCuritiba
10%
CityDacca
10%
CityDaegu
10%
CityDakar
10%
CityDalian
10%
CityDamas
10%
CityDar es Salam
10%
CityDenver
10%
CityDetroit
10%
CityDjaïpour
10%
CityDjeddah
10%
CityDouala
10%
CityDubai
10%
CityDurban
10%
CityFaisalabad
10%
CityFortaleza
10%
CityFrancfort
10%
CityFukuoka
10%
CityFuzhou
10%
CityGuadalajara
10%
CityGuatemala
10%
CityGuayaquil
10%
CityGuiyang
10%
CityGujranwala
10%
CityHambourg
10%
CityHangzhou
10%
CityHanoi
10%
CityHarbin
10%
CityHefei
10%
CityHô Chi Minh-Ville
10%
CityHong Kong
10%
CityHouston
10%
CityHuizhou
10%
CityHyderabad
10%
CityIbadan
10%
CityIndore
10%
CityIspahan
10%
CityIzmir
10%
CityJakarta
10%
CityJinan
10%
CityJohannesbourg
10%
CityKaboul
10%
CityKampala
10%
CityKano
10%
CityKanpur
10%
CityKaohsiung
10%
CityKarachi
10%
CityKatmandou
10%
CityKhartoum
10%
CityKiev
10%
CityKinshasa
10%
CityKoweït
10%
CityKuala Lumpur
10%
CityKumasi
10%
CityKunming
10%
CityLahore
10%
CityLanzhou
10%
CityLa Ruhr
10%
CityLe Caire
10%
CityLe Cap
10%
CityLima
10%
CityLos Angeles
10%
CityLuanda
10%
CityLucknow
10%
CityMachhad
10%
CityManchester
10%
CityManille
10%
CityMaputo
10%
CityMedan
10%
CityMedellín
10%
CityMelbourne
10%
CityMexico
10%
CityMiami
10%
CityMilan
10%
CityMinneapolis
10%
CityMonterrey
10%
CityMystery City (Quito)
10%
CityNagoya
10%
CityNagpour
10%
CityNairobi
10%
CityNanchang
10%
CityNanjing
10%
CityNanning
10%
CityNew Delhi
10%
CityNingbo
10%
CityOsaka
10%
CityPhiladelphie
10%
CityPhoenix
10%
CityPort-au-Prince
10%
CityPorto Alegre
10%
CityPuebla
10%
CityPune
10%
CityPyongyang
10%
CityQingdao
10%
CityRangoun
10%
CityRawalpindi
10%
CityRecife
10%
CityRome
10%
CityRotterdam
10%
CitySaint-Domingue
10%
CitySaint-Pétersbourg
10%
CitySalvador
10%
CitySanaa
10%
CitySan Diego
10%
CitySan Francisco
10%
CitySão Paulo
10%
CitySeoul
10%
CityShanghai
10%
CityShantou
10%
CityShenyang
10%
CityShijiazhuang
10%
City Singapour
10%
CitySurabaya
10%
CitySurate
10%
CitySydney
10%
CityTachkent
10%
CityTaipei
10%
CityTaiyuan
10%
CityTampa
10%
CityTangshan
10%
CityTchang-Tchouen
10%
CityTéhéran
10%
CityTianjin
10%
CityToronto
10%
CityÜrümqi
10%
CityVancouver
10%
CityWenzhou
10%
CityWuhan
10%
CityWuxi
10%
CityXiamen
10%
CityXi'an
10%
CityXuzhou
10%
CityYaoundé
10%
CityZhengzhou
10%
CityZibo
10%
CityAbidjan
9%
CityAbuja
9%
CityAddis Abeba
9%
CityAhmedabad
9%
CityAlexandrie
9%
CityAlger
9%
CityAmman
9%
CityAthènes
9%
CityBangalore
9%
CityBelo Horizonte
9%
CityBirmingham
9%
CityBogotá
9%
CityBombay
9%
CityBoston
9%
CityBrasília
9%
CityBuenos Aires
9%
CityCanton
9%
CityCasablanca
9%
CityChennai
9%
CityChicago
9%
CityCologne / Düsseldorf
9%
CityDakar
9%
CityDallas
9%
CityDar es Salam
9%
CityDjeddah
9%
CityFrancfort
9%
CityHambourg
9%
CityJakarta
9%
CityKarachi
9%
CityKiev
9%
CityKinshasa
9%
CityKuala Lumpur
9%
CityLagos
9%
CityLahore
9%
CityLe Caire
9%
CityLe Cap
9%
CityLima
9%
CityMachhad
9%
CityManchester
9%
CityMiami
9%
CityMilan
9%
CityMontréal
9%
CityNagoya
9%
CityOsaka
9%
CityPhiladelphie
9%
CityRio de Janeiro
9%
CityRome
9%
CitySaint-Pétersbourg
9%
CitySantiago
9%
CitySão Paulo
9%
CitySeattle
9%
CitySydney
9%
CityTachkent
9%
CityToronto
9%
CityWashington
9%
CityWuhan
9%
CityXi'an
9%
CityYaoundé
9%
CityAbuja
8%
CityAlger
8%
CityAmman
8%
CityAnkara
8%
CityAthènes
8%
CityBagdad
8%
CityBarcelone
8%
CityBerlin
8%
CityBirmingham
8%
CityBombay
8%
CityBoston
8%
CityBrasília
8%
CityBuenos Aires
8%
CityBusan
8%
CityCali
8%
CityCaracas
8%
CityCasablanca
8%
CityChicago
8%
CityDacca
8%
CityDakar
8%
CityDubai
8%
CityFrancfort
8%
CityHambourg
8%
CityHanoi
8%
CityHouston
8%
CityJohannesbourg
8%
CityKaboul
8%
CityKarachi
8%
CityKiev
8%
CityKinshasa
8%
CityLagos
8%
CityLe Cap
8%
CityLos Angeles
8%
CityMelbourne
8%
CityMexico
8%
CityMiami
8%
CityMilan
8%
CityMontréal
8%
CityNanjing
8%
CityNaples
8%
CityPyongyang
8%
CityRio de Janeiro
8%
CityRotterdam
8%
CitySanaa
8%
CitySeoul
8%
CityShanghai
8%
CitySingapour
8%
CitySydney
8%
CityTaipei
8%
CityTéhéran
8%
CityTel Aviv
8%
CityToronto
8%
CityWashington
8%
CityWuhan
8%
CityXi'an
8%
CityAbuja
7%
CityAccra
7%
CityAddis Abeba
7%
CityAhmedabad
7%
CityAlexandrie
7%
CityAlger
7%
CityAmman
7%
CityAnkara
7%
CityAtlanta
7%
CityBamako
7%
CityBandung
7%
CityBangalore
7%
CityBangkok
7%
CityBarcelone
7%
CityBelo Horizonte
7%
CityBhilai
7%
CityBirmingham
7%
CityBogotá
7%
CityBoston
7%
CityBrasília
7%
CityBrisbane
7%
CityBuenos Aires
7%
CityBusan
7%
CityCalcutta
7%
CityCali
7%
CityCampinas
7%
CityCanton
7%
CityCebu
7%
CityChangsha
7%
CityChangzhou
7%
CityChengdu
7%
CityChennai
7%
CityChittagong
7%
CityChongqing
7%
CityCincinnati
7%
CityCleveland
7%
CityCologne / Düsseldorf
7%
CityColombo
7%
CityCuritiba
7%
CityDaegu
7%
CityDakar
7%
CityDalian
7%
CityDallas
7%
CityDamas
7%
CityDar es Salam
7%
CityDetroit
7%
CityDjaïpour
7%
CityDjeddah
7%
CityDouala
7%
CityDubai
7%
CityDurban
7%
CityFaisalabad
7%
CityFrancfort
7%
CityFukuoka
7%
CityFuzhou
7%
CityGuadalajara
7%
CityGuayaquil
7%
CityGuiyang
7%
CityGujranwala
7%
CityHambourg
7%
CityHangzhou
7%
CityHanoi
7%
CityHarbin
7%
CityHefei
7%
CityHô Chi Minh-Ville
7%
CityHouston
7%
CityHuizhou
7%
CityHyderabad
7%
CityIbadan
7%
CityIndore
7%
CityIspahan
7%
CityIzmir
7%
CityJakarta
7%
CityJinan
7%
CityKaboul
7%
CityKampala
7%
CityKano
7%
CityKanpur
7%
CityKaohsiung
7%
CityKarachi
7%
CityKatmandou
7%
CityKhartoum
7%
CityKinshasa
7%
CityKoweït
7%
CityKuala Lumpur
7%
CityKumasi
7%
CityKunming
7%
CityLahore
7%
CityLanzhou
7%
CityLa Ruhr
7%
CityLe Caire
7%
CityLima
7%
CityLos Angeles
7%
CityLuanda
7%
CityLucknow
7%
CityMachhad
7%
CityManille
7%
CityMaputo
7%
CityMedan
7%
CityMinneapolis
7%
CityMonterrey
7%
CityMontréal
7%
CityMystery City (Caracas)
7%
CityNagoya
7%
CityNagpour
7%
CityNairobi
7%
CityNanchang
7%
CityNanjing
7%
CityNanning
7%
CityNaples
7%
CityNew Delhi
7%
CityNingbo
7%
CityOrlando
7%
CityOsaka
7%
CityPhoenix
7%
CityPort-au-Prince
7%
CityPorto Alegre
7%
CityPuebla
7%
CityPune
7%
CityPyongyang
7%
CityQingdao
7%
CityRangoun
7%
CityRawalpindi
7%
CityRecife
7%
CityRio de Janeiro
7%
CityRiyad
7%
CityRotterdam
7%
CitySaint-Domingue
7%
CitySaint-Pétersbourg
7%
CitySalvador
7%
CitySão Paulo
7%
CitySeattle
7%
CityShanghai
7%
CityShantou
7%
CityShenyang
7%
CityShijiazhuang
7%
CitySingapour
7%
City Surabaya
7%
CitySurate
7%
CityTachkent
7%
CityTaipei
7%
CityTaiyuan
7%
CityTampa
7%
CityTangshan
7%
CityTchang-Tchouen
7%
CityTéhéran
7%
CityTel Aviv
7%
CityTianjin
7%
CityToronto
7%
CityÜrümqi
7%
CityVancouver
7%
CityWenzhou
7%
CityWuhan
7%
CityWuxi
7%
CityXiamen
7%
CityXi'an
7%
CityXuzhou
7%
CityYaoundé
7%
CityZhengzhou
7%
CityZibo
7%
CityAbidjan
6%
CityAbuja
6%
CityAccra
6%
CityAddis Abeba
6%
CityAhmedabad
6%
CityAlexandrie
6%
CityAlger
6%
CityAmman
6%
CityAnkara
6%
CityAthènes
6%
CityAtlanta
6%
CityBagdad
6%
CityBamako
6%
CityBandung
6%
CityBangalore
6%
CityBangkok
6%
CityBarcelone
6%
CityBelo Horizonte
6%
CityBerlin
6%
CityBhilai
6%
CityBirmingham
6%
CityBogotá
6%
CityBombay
6%
CityBoston
6%
City | City Brasília
6%
CityBrisbane
6%
CityBuenos Aires
6%
CityBusan
6%
CityCalcutta
6%
CityCampinas
6%
CityCanton
6%
CityCaracas
6%
City | City Casablanca
6%
CityCebu
6%
CityChangsha
6%
CityChangzhou
6%
CityChengdu
6%
CityChennai
6%
CityChicago
6%
CityChittagong
6%
CityChongqing
6%
CityCincinnati
6%
CityCleveland
6%
CityCologne / Düsseldorf
6%
CityColombo
6%
CityCuritiba
6%
CityDacca
6%
CityDaegu
6%
CityDakar
6%
CityDalian
6%
CityDallas
6%
CityDamas
6%
CityDar es Salam
6%
CityDenver
6%
CityDetroit
6%
CityDjaïpour
6%
CityDjeddah
6%
CityDouala
6%
CityDubai
6%
CityDurban
6%
CityFaisalabad
6%
CityFortaleza
6%
CityFrancfort
6%
CityFukuoka
6%
CityFuzhou
6%
CityGuadalajara
6%
CityGuatemala
6%
CityGuayaquil
6%
CityGuiyang
6%
CityGujranwala
6%
CityHambourg
6%
CityHangzhou
6%
CityHanoi
6%
CityHarbin
6%
CityHefei
6%
CityHô Chi Minh-Ville
6%
CityHong Kong
6%
CityHouston
6%
CityHuizhou
6%
CityHyderabad
6%
CityIbadan
6%
CityIndore
6%
CityIspahan
6%
CityIstanbul
6%
CityIzmir
6%
CityJakarta
6%
CityJinan
6%
CityJohannesbourg
6%
CityKaboul
6%
CityKampala
6%
CityKano
6%
CityKanpur
6%
CityKaohsiung
6%
CityKarachi
6%
CityKatmandou
6%
CityKhartoum
6%
CityKiev
6%
CityKinshasa
6%
CityKoweït
6%
CityKuala Lumpur
6%
CityKumasi
6%
CityKunming
6%
CityLagos
6%
CityLahore
6%
CityLanzhou
6%
CityLa Ruhr
6%
CityLe Caire
6%
CityLe Cap
6%
City | City Lima
6%
CityLos Angeles
6%
CityLuanda
6%
CityLucknow
6%
CityMachhad
6%
CityMadrid
6%
CityManchester
6%
CityManille
6%
CityMaputo
6%
CityMedan
6%
CityMedellín
6%
CityMelbourne
6%
CityMexico
6%
CityMiami
6%
CityMilan
6%
CityMinneapolis
6%
CityMonterrey
6%
CityMontréal
6%
CityMystery City (Melbourne)
6%
CityNagoya
6%
CityNagpour
6%
CityNairobi
6%
CityNanchang
6%
CityNanjing
6%
CityNanning
6%
CityNaples
6%
CityNew Delhi
6%
CityNingbo
6%
CityOrlando
6%
CityOsaka
6%
CityPékin
6%
CityPhiladelphie
6%
CityPhoenix
6%
CityPort-au-Prince
6%
CityPorto Alegre
6%
CityPuebla
6%
CityPune
6%
CityPyongyang
6%
CityQingdao
6%
CityQuito
6%
CityRangoun
6%
CityRawalpindi
6%
CityRecife
6%
CityRio de Janeiro
6%
CityRiyad
6%
CityRome
6%
CityRotterdam
6%
CitySaint-Domingue
6%
CitySaint-Pétersbourg
6%
CitySalvador
6%
CitySanaa
6%
CitySan Diego
6%
CitySan Francisco
6%
CitySantiago
6%
CitySão Paulo
6%
CitySeattle
6%
CitySeoul
6%
CityShanghai
6%
CityShantou
6%
CityShenyang
6%
CityShijiazhuang
6%
CitySingapour
6%
CitySurabaya
6%
CitySurate
6%
CitySydney
6%
CityTachkent
6%
CityTaipei
6%
CityTaiyuan
6%
CityTampa
6%
CityTangshan
6%
CityTchang-Tchouen
6%
CityTéhéran
6%
CityTel Aviv
6%
CityTianjin
6%
CityTokyo
6%
CityToronto
6%
CityÜrümqi
6%
CityVancouver
6%
CityWashington
6%
CityWenzhou
6%
CityWuhan
6%
CityWuxi
6%
CityXiamen
6%
CityXi'an
6%
CityXuzhou
6%
CityYaoundé
6%
CityZhengzhou
6%
CityZibo
6%
CityAbidjan
5%
CityAbuja
5%
CityAccra
5%
CityAddis Abeba
5%
CityAhmedabad
5%
CityAlexandrie
5%
CityAlger
5%
CityAmman
5%
CityAnkara
5%
CityAthènes
5%
CityAtlanta
5%
CityBagdad
5%
CityBamako
5%
CityBandung
5%
CityBangalore
5%
CityBangkok
5%
CityBarcelone
5%
CityBelo Horizonte
5%
CityBerlin
5%
CityBhilai
5%
CityBirmingham
5%
City | City Bogotá
5%
CityBombay
5%
CityBoston
5%
CityBrasília
5%
City | City Brisbane
5%
City | City Buenos Aires
5%
CityBusan
5%
CityCalcutta
5%
CityCali
5%
CityCampinas
5%
CityCanton
5%
CityCaracas
5%
CityCebu
5%
CityChangsha
5%
CityChangzhou
5%
CityChengdu
5%
CityChennai
5%
CityChittagong
5%
CityChongqing
5%
CityCincinnati
5%
CityCleveland
5%
CityCologne / Düsseldorf
5%
CityColombo
5%
CityCuritiba
5%
CityDacca
5%
CityDaegu
5%
CityDakar
5%
CityDalian
5%
CityDallas
5%
CityDamas
5%
CityDar es Salam
5%
CityDenver
5%
CityDetroit
5%
CityDjaïpour
5%
CityDjeddah
5%
CityDouala
5%
CityDubai
5%
CityDurban
5%
CityFaisalabad
5%
CityFortaleza
5%
CityFrancfort
5%
CityFukuoka
5%
CityFuzhou
5%
CityGuadalajara
5%
CityGuatemala
5%
CityGuayaquil
5%
CityGuiyang
5%
CityGujranwala
5%
CityHambourg
5%
CityHangzhou
5%
CityHanoi
5%
CityHarbin
5%
CityHefei
5%
CityHô Chi Minh-Ville
5%
CityHong Kong
5%
CityHouston
5%
CityHuizhou
5%
CityHyderabad
5%
CityIbadan
5%
CityIndore
5%
CityIspahan
5%
CityIstanbul
5%
CityIzmir
5%
CityJakarta
5%
CityJinan
5%
CityJohannesbourg
5%
CityKaboul
5%
CityKampala
5%
CityKano
5%
CityKanpur
5%
CityKaohsiung
5%
CityKarachi
5%
CityKatmandou
5%
CityKhartoum
5%
CityKiev
5%
CityKinshasa
5%
CityKoweït
5%
CityKuala Lumpur
5%
CityKumasi
5%
CityKunming
5%
CityLagos
5%
CityLahore
5%
CityLanzhou
5%
CityLa Ruhr
5%
CityLe Caire
5%
CityLe Cap
5%
City | City Lima
5%
CityLuanda
5%
CityLucknow
5%
CityMachhad
5%
CityMadrid
5%
CityManchester
5%
CityManille
5%
CityMaputo
5%
CityMedan
5%
CityMedellín
5%
City | City Melbourne
5%
CityMexico
5%
CityMiami
5%
CityMilan
5%
CityMinneapolis
5%
CityMonterrey
5%
CityMontréal
5%
CityMystery City (Bandung)
5%
CityMystery City (Douala)
5%
CityMystery City (Ispahan)
5%
CityMystery City (Montréal)
5%
CityNagoya
5%
CityNagpour
5%
CityNairobi
5%
CityNanchang
5%
CityNanjing
5%
CityNanning
5%
CityNaples
5%
CityNingbo
5%
CityOrlando
5%
CityOsaka
5%
CityPhiladelphie
5%
CityPhoenix
5%
CityPort-au-Prince
5%
CityPorto Alegre
5%
CityPuebla
5%
CityPune
5%
CityPyongyang
5%
CityQingdao
5%
CityQuito
5%
CityRangoun
5%
CityRawalpindi
5%
CityRecife
5%
CityRio de Janeiro
5%
CityRiyad
5%
CityRotterdam
5%
CitySaint-Domingue
5%
CitySaint-Pétersbourg
5%
CitySalvador
5%
CitySanaa
5%
CitySan Diego
5%
CitySan Francisco
5%
City | City Santiago
5%
CitySão Paulo
5%
CitySeattle
5%
CitySeoul
5%
CityShanghai
5%
CityShantou
5%
CityShenyang
5%
CityShijiazhuang
5%
CitySingapour
5%
CitySurabaya
5%
CitySurate
5%
CitySydney
5%
CityTachkent
5%
CityTaipei
5%
CityTaiyuan
5%
CityTampa
5%
CityTangshan
5%
CityTchang-Tchouen
5%
CityTéhéran
5%
CityTel Aviv
5%
CityTianjin
5%
CityToronto
5%
CityÜrümqi
5%
CityVancouver
5%
CityWashington
5%
CityWenzhou
5%
CityWuhan
5%
CityWuxi
5%
CityXiamen
5%
CityXi'an
5%
CityXuzhou
5%
CityYaoundé
5%
CityZhengzhou
5%
CityZibo
5%
CityAbidjan
4%
CityAbuja
4%
CityAccra
4%
CityAddis Abeba
4%
CityAhmedabad
4%
CityAlexandrie
4%
CityAmman
4%
CityAnkara
4%
CityAtlanta
4%
CityBagdad
4%
CityBamako
4%
CityBandung
4%
CityBangalore
4%
CityBangkok
4%
CityBarcelone
4%
CityBelo Horizonte
4%
CityBhilai
4%
CityBirmingham
4%
CityBogotá
4%
CityBombay
4%
CityBoston
4%
CityBrasília
4%
CityBrisbane
4%
CityBusan
4%
CityCalcutta
4%
CityCali
4%
CityCampinas
4%
CityCanton
4%
CityCaracas
4%
CityCasablanca
4%
CityCebu
4%
CityChangsha
4%
CityChangzhou
4%
CityChengdu
4%
CityChennai
4%
CityChittagong
4%
CityChongqing
4%
CityCincinnati
4%
CityCleveland
4%
CityCologne / Düsseldorf
4%
CityColombo
4%
CityCuritiba
4%
CityDacca
4%
CityDaegu
4%
CityDakar
4%
CityDalian
4%
CityDallas
4%
CityDamas
4%
CityDar es Salam
4%
CityDenver
4%
CityDetroit
4%
CityDjaïpour
4%
CityDjeddah
4%
CityDouala
4%
CityDubai
4%
City | City Durban
4%
CityFaisalabad
4%
CityFortaleza
4%
CityFrancfort
4%
CityFukuoka
4%
CityFuzhou
4%
City | City Guadalajara
4%
CityGuatemala
4%
CityGuayaquil
4%
CityGuiyang
4%
CityGujranwala
4%
CityHambourg
4%
CityHangzhou
4%
CityHanoi
4%
CityHarbin
4%
CityHefei
4%
CityHô Chi Minh-Ville
4%
CityHong Kong
4%
CityHouston
4%
CityHuizhou
4%
CityHyderabad
4%
CityIbadan
4%
CityIndore
4%
CityIspahan
4%
CityIstanbul
4%
CityIzmir
4%
CityJakarta
4%
CityJinan
4%
CityJohannesbourg
4%
CityKampala
4%
CityKano
4%
CityKanpur
4%
CityKaohsiung
4%
CityKarachi
4%
CityKatmandou
4%
CityKhartoum
4%
CityKiev
4%
CityKinshasa
4%
CityKoweït
4%
CityKuala Lumpur
4%
CityKumasi
4%
CityKunming
4%
CityLagos
4%
CityLahore
4%
CityLanzhou
4%
CityLa Ruhr
4%
CityLe Caire
4%
CityLe Cap
4%
CityLima
4%
CityLos Angeles
4%
CityLuanda
4%
CityLucknow
4%
CityMachhad
4%
CityManchester
4%
CityManille
4%
CityMaputo
4%
CityMedan
4%
CityMedellín
4%
CityMelbourne
4%
CityMiami
4%
CityMilan
4%
CityMinneapolis
4%
CityMonterrey
4%
CityMontréal
4%
CityMystery City (Addis Abeba)
4%
CityMystery City (Amman)
4%
CityMystery City (Denver)
4%
CityNagoya
4%
CityNagpour
4%
CityNairobi
4%
CityNanchang
4%
CityNanjing
4%
CityNanning
4%
CityNaples
4%
CityNew Delhi
4%
CityNingbo
4%
CityOrlando
4%
CityOsaka
4%
CityPhiladelphie
4%
CityPhoenix
4%
CityPort-au-Prince
4%
CityPorto Alegre
4%
CityPuebla
4%
CityPune
4%
CityPyongyang
4%
CityQingdao
4%
CityQuito
4%
CityRangoun
4%
CityRawalpindi
4%
CityRecife
4%
CityRio de Janeiro
4%
CityRiyad
4%
CityRotterdam
4%
CitySaint-Domingue
4%
CitySaint-Pétersbourg
4%
CitySalvador
4%
CitySanaa
4%
CitySan Diego
4%
CitySan Francisco
4%
CitySantiago
4%
CitySão Paulo
4%
CitySeattle
4%
CitySeoul
4%
CityShanghai
4%
CityShantou
4%
CityShenyang
4%
CityShijiazhuang
4%
CitySingapour
4%
CitySurabaya
4%
CitySurate
4%
City | City Sydney
4%
CityTachkent
4%
CityTaipei
4%
CityTaiyuan
4%
CityTampa
4%
CityTangshan
4%
CityTchang-Tchouen
4%
CityTéhéran
4%
CityTel Aviv
4%
CityTianjin
4%
CityToronto
4%
CityÜrümqi
4%
CityVancouver
4%
CityWenzhou
4%
CityWuhan
4%
CityWuxi
4%
CityXiamen
4%
CityXi'an
4%
CityXuzhou
4%
CityYaoundé
4%
CityZhengzhou
4%
CityZibo
4%
CityAlexandrie
3%
CityBerlin
3%
CityBuenos Aires
3%
CityChengdu
3%
CityChennai
3%
CityDakar
3%
CityDenver
3%
CityDubai
3%
CityHanoi
3%
CityHô Chi Minh-Ville
3%
CityHyderabad
3%
CityKhartoum
3%
CityManille
3%
CityMontréal
3%
CityOsaka
3%
CitySanaa
3%
CitySeoul
3%
CitySurate
3%
CityTaipei
3%
CityTel Aviv
3%
CityWuhan
3%
CityXi'an
3%
CityAbidjan
0%
CityAbuja
0%
CityAccra
0%
CityAddis Abeba
0%
CityAhmedabad
0%
CityAlexandrie
0%
CityAlger
0%
CityAmman
0%
CityAnkara
0%
CityAthènes
0%
CityAtlanta
0%
CityBagdad
0%
CityBamako
0%
City | City | City Bandung
0%
CityBangalore
0%
CityBangkok
0%
CityBarcelone
0%
CityBelo Horizonte
0%
CityBhilai
0%
CityBirmingham
0%
CityBogotá
0%
CityBombay
0%
CityBoston
0%
CityBrasília
0%
City | City | City Brisbane
0%
City | City | City | +2 othersBuenos Aires
0%
CityBusan
0%
CityCalcutta
0%
CityCali
0%
CityCampinas
0%
CityCanton
0%
CityCaracas
0%
CityCasablanca
0%
City | City Cebu
0%
CityChangsha
0%
CityChangzhou
0%
CityChengdu
0%
CityChennai
0%
CityChicago
0%
CityChittagong
0%
CityChongqing
0%
CityCincinnati
0%
CityCleveland
0%
CityCologne / Düsseldorf
0%
City | City Colombo
0%
CityCuritiba
0%
CityDacca
0%
CityDaegu
0%
CityDakar
0%
CityDalian
0%
CityDallas
0%
CityDamas
0%
CityDar es Salam
0%
CityDenver
0%
CityDetroit
0%
CityDjaïpour
0%
CityDjeddah
0%
CityDouala
0%
CityDubai
0%
CityDurban
0%
CityFaisalabad
0%
CityFortaleza
0%
CityFrancfort
0%
CityFukuoka
0%
CityFuzhou
0%
City | City Guadalajara
0%
CityGuatemala
0%
City | City Guayaquil
0%
CityGuiyang
0%
CityGujranwala
0%
CityHambourg
0%
CityHangzhou
0%
CityHanoi
0%
CityHarbin
0%
CityHefei
0%
CityHô Chi Minh-Ville
0%
CityHong Kong
0%
CityHouston
0%
CityHuizhou
0%
CityHyderabad
0%
CityIbadan
0%
CityIndore
0%
CityIspahan
0%
CityIstanbul
0%
CityIzmir
0%
CityJakarta
0%
CityJinan
0%
CityJohannesbourg
0%
CityKaboul
0%
CityKampala
0%
CityKano
0%
CityKanpur
0%
CityKaohsiung
0%
CityKarachi
0%
CityKatmandou
0%
CityKhartoum
0%
CityKiev
0%
CityKinshasa
0%
CityKoweït
0%
CityKuala Lumpur
0%
CityKumasi
0%
CityKunming
0%
CityLagos
0%
CityLahore
0%
CityLanzhou
0%
CityLa Ruhr
0%
CityLe Caire
0%
CityLe Cap
0%
CityLima
0%
CityLuanda
0%
CityLucknow
0%
CityMachhad
0%
CityMadrid
0%
CityManchester
0%
CityManille
0%
CityMaputo
0%
CityMedan
0%
CityMedellín
0%
CityMelbourne
0%
CityMexico
0%
CityMiami
0%
CityMilan
0%
CityMinneapolis
0%
CityMonterrey
0%
CityMontréal
0%
CityMystery City (Accra)
0%
CityMystery City (Atlanta)
0%
CityMystery City (Cebu)
0%
CityMystery City (Chengdu)
0%
CityMystery City (Cleveland)
0%
CityMystery City (Faisalabad)
0%
CityMystery City (Fortaleza)
0%
CityMystery City (Hyderabad)
0%
CityMystery City (Izmir)
0%
CityMystery City (Kano)
0%
CityMystery City (Kanpur)
0%
CityMystery City (Medan)
0%
CityMystery City (Nanjing)
0%
CityMystery City (Puebla)
0%
CityMystery City (Riyad)
0%
CityMystery City (Shantou)
0%
CityMystery City (Tachkent)
0%
CityMystery City (Tchang-Tchouen)
0%
CityMystery City (Wenzhou)
0%
CityMystery City (Wuxi)
0%
CityMystery City (Zhengzhou)
0%
CityMystery City (Zibo)
0%
CityNagoya
0%
CityNagpour
0%
CityNairobi
0%
CityNanchang
0%
CityNanjing
0%
CityNanning
0%
CityNaples
0%
CityNew Delhi
0%
CityNingbo
0%
CityOrlando
0%
CityOsaka
0%
CityPhiladelphie
0%
CityPhoenix
0%
CityPort-au-Prince
0%
CityPorto Alegre
0%
CityPuebla
0%
CityPune
0%
CityPyongyang
0%
CityQingdao
0%
CityQuito
0%
CityRangoun
0%
CityRawalpindi
0%
CityRecife
0%
CityRio de Janeiro
0%
CityRiyad
0%
CityRome
0%
CityRotterdam
0%
CitySaint-Domingue
0%
CitySaint-Pétersbourg
0%
CitySalvador
0%
CitySanaa
0%
CitySan Diego
0%
CitySan Francisco
0%
City | City | City | +3 othersSantiago
0%
CitySão Paulo
0%
CitySeattle
0%
CitySeoul
0%
CityShanghai
0%
CityShantou
0%
CityShenyang
0%
CityShijiazhuang
0%
CitySingapour
0%
CitySurabaya
0%
CitySurate
0%
City | City Sydney
0%
CityTachkent
0%
CityTaipei
0%
CityTaiyuan
0%
CityTampa
0%
CityTangshan
0%
CityTchang-Tchouen
0%
CityTéhéran
0%
CityTel Aviv
0%
CityTianjin
0%
CityToronto
0%
CityÜrümqi
0%
CityVancouver
0%
CityWashington
0%
CityWenzhou
0%
CityWuhan
0%
CityWuxi
0%
CityXiamen
0%
CityXi'an
0%
CityXuzhou
0%
CityYaoundé
0%
CityZhengzhou
0%
CityZibo
0%

Distribution des résultats

Percentile par nombre de réponses

% des personnes avec chaque résultat

Votre développement - résultats

Vous n’avez pas pris ce quiz